Hamilton - Random Line to Song - Statistics

General Stats
  • This quiz has been taken 58 times
    13 since last reset
  • The average score is 15 of 20
Answer Stats
Line Song % Correct
Ah-yuh-yo, yo-yo-yo, yo! Aaron Burr, Sir
100%
If you stand for nothing, Burr, what'll you fall for? Aaron Burr, Sir
100%
Spot in the Caribbean by providence, impoverished, in squalor Alexander Hamilton
100%
Got a lot farther by working a lot harder Alexander Hamilton
100%
And Alex got better, but his mother went quick Alexander Hamilton
100%
Left him with nothin' but ruined pride, something new inside Alexander Hamilton
100%
We are waiting in the wings for you (waiting in the wings for you) Alexander Hamilton
100%
Now Hamilton's skill with a quill is undeniable A Winter's Ball
100%
It's still dark outside Best of Wives and Best of Women
100%
I know, I just need to write something down Best of Wives and Best of Women
100%
Why do you write like you're running out of time? Best of Wives and Best of Women | Non-Stop
100%
The scholars say I got the same virtuosity and brains as my pops Blow Us All Away
100%
Summon all the courage you require Blow Us All Away | Ten Duel Commandments | The World Was Wide Enough
100%
You and your words obsessed with your legacy Burn
100%
State debt and establish a national bank Cabinet Battle #1
100%
You think I'm frightened of you, man, we almost died in a trench Cabinet Battle #1
100%
You don't have the votes Cabinet Battle #1
100%
Secretary Jefferson, you have the floor, sir Cabinet Battle #1 | Cabinet Battle #2
100%
We're to fragile to start another fight Cabinet Battle #2
100%
Thank you, Secretary Jefferson Cabinet Battle #2 | Cabinet Battle #1
100%
And it broke my heart Dear Theodosia
100%
Pride is not the word I'm looking for Dear Theodosia
100%
They have not your interests at heart Farmer Refuted
100%
They're playing a dangerous game Farmer Refuted
100%
I pray the king shows you his mercy Farmer Refuted
100%
Or matches my practical tactical brilliance Guns and Ships
100%
Alexander Hamilton Guns and Ships | Alexander Hamilton | Satisfied | The Room Where It Happens
100%
Ooh (hey, hey) Helpless
100%
I do, I do, I do, I do (hey, hey, hey, hey) Helpless
100%
I'm just sayin', if you really loved me, you would share him (ha) Helpless
100%
But then he shakes your hand and says, "Be true" (ooh) Helpless
100%
I led my men straight into a massacre History Has Its Eyes on You
100%
You have no control who lives, who dies, who tells your story History Has Its Eyes on You | Who Lives, Who Dies, Who Tells Your Story
100%
For just a moment Hurricane
100%
I was louder than the crack in the bell Hurricane
100%
(History has its eyes on you) Hurricane | History Has Its Eyes on You | Non-Stop
100%
He passes every day It's Quiet Uptown
100%
There are moments that the words don't reach It's Quiet Uptown
100%
Walking by her side, talking by her side, have pity It's Quiet Uptown
100%
What is the meaning of this? Meet Me Inside
100%
I'ma get a scholarship to King's College My Shot
100%
With every word I drop knowledge My Shot
100%
I will lay down my life if it sets us free My Shot
100%
Hey, yo, I'm just like my country My Shot
100%
You keep out of trouble and you double your choices My Shot
100%
Let's hatch a plot blacker than the kettle callin' the pot My Shot
100%
I'm young, scrappy, and hungry My Shot
100%
When are these colonies gonna rise up? (Whoa) My Shot
100%
I am not throwin' away my shot (shot) My Shot | Right Hand Man | Yorktown (The World Turned Upside Down) | Non-Stop
100%
Co-counsel Hamilton, sit down Non-Stop
100%
Why do you assume you're the smartest in the room? Non-Stop
100%
Every day, you fight like it's going out of style Non-Stop
100%
You're incredible in court Non-Stop
100%
So, it needs amendments Non-Stop
100%
Watching the tension grow Non-Stop
100%
Every day you fight, like you're running out of time Non-Stop
100%
History has its eyes on you (look around) Non-Stop
100%
But whatever it is, Jefferson started it One Last Time
100%
Thomas Jefferson resigned this morning One Last Time
100%
As far as the people are concerned One Last Time
100%
One last time One Last Time
100%
Mr. President, they will say you're weak One Last Time
100%
I am unconscious of intentional error One Last Time
100%
You and I (George Washington's going home!) One Last Time
100%
When they surround our troops, (they surround our troops) Right Hand Man
100%
Outmanned (what?) Right Hand Man
100%
I scream in the face of this mass mutiny Right Hand Man
100%
I'm working with a third of what our Congress has promised Right Hand Man
100%
If I tell her that I love him she'd be sliently resigned, he'd be mine Satisfied
100%
At least I keep his eyes in my life Satisfied
100%
I offered to walk her home, she said (you're too kind, sir) Say No to This
100%
I gave her thirty bucks that I had socked away Say No to This
100%
Say no to this, no, no! Say No to This
100%
So time to pay the piper for the pants you unbuckled Say No to This
100%
Further down Schuyler Defeated
100%
I changed parties to seize the opportunity I saw Schuyler Defeated
100%
Don't engage, strike by night Stay Alive
100%
Retreat! Stay Alive
100%
I did exactly as you said, Pa Stay Alive - Reprise
100%
(Un, deux, trois...) Stay Alive - Reprise | Take a Break
100%
Let's go upstate Take a Break
100%
Eliza, I've got so much on my plate Take a Break
100%
There's a lake I know (I know) Take a Break
100%
If you make your way upstate Take a Break
100%
It's good to see your face Take a Break
100%
Angelica, tell this man John Adams spends the summer with his family Take a Break
100%
Pray that Hell or Heaven lets you in Ten Duel Commandments
100%
We both know that's absurd, sir Ten Duel Commandments
100%
Number (Ten paces!) Fire! Ten Duel Commandments | The World Was Wide Enough
100%
Let's let him know what we know The Adams Administration
100%
To get Hamilton on your side The Election of 1800
100%
You've created quite a stir, sir The Election of 1800
100%
If you had to choose The Election of 1800
100%
Talkin' bout "I look forward to our partnership" The Election of 1800
100%
Have you read this? The Reynolds Pamphlet
100%
Highlights! The Reynolds Pamphlet
100%
Being absent on a visit to her father The Reynolds Pamphlet
100%
I know my sister like I know my own mind The Reynolds Pamphlet | Satisfied
100%
Having opened doors that were previously closed, bros The Room Where It Happens
100%
Actually, I would The Room Where It Happens
100%
Well, I propose the Potomac The Room Where It Happens
100%
The room where it happens The Room Where It Happens
100%
(Alexander Hamilton) The Room Where It Happens | Alexander Hamilton | Satisfied | Guns and Ships
100%
No one else was in the room where it happened The Room Where It Happens | We Know
100%
That his daughters, Peggy, Angelica, Eliza The Schuyler Sisters
100%
People shouting in the square The Schuyler Sisters
100%
We'll tell the story of tonight The Story of Tonight - Reprise
100%
I wish I had your command instead of manning George's journal The Story of Tonight - Reprise
100%
She's married to a British officer The Story of Tonight - Reprise
100%
Raise a glass to the four of us! (Ho!) The Story of Tonight - Reprise | The Story of Tonight
100%
Let's have another round tonight The Story of Tonight | The Story of Tonight - Reprise
100%
I wish I could tell you what was happening in his brain The World Was Wide Enough
100%
I watched as he methodically fiddled with the trigger (seven) The World Was Wide Enough
100%
Why? If not to take deadly aim The World Was Wide Enough
100%
Laurens leads a soldier's chorus on the other side The World Was Wide Enough
100%
And if there's a reason I'm still alive Wait for It
100%
What is it like in his shoes? Wait for It
100%
It takes and it takes and it takes Wait for It | The World Was Wide Enough
100%
Death doesn't discriminate Wait for It | The World Was Wide Enough
100%
Still, it must be nice, it must be nice Washington on Your Side
100%
Almost a thousand dollars paid in different amounts We Know
100%
That's when Reynolds extorted me We Know
100%
Are my answers to your satisfaction? We Know
100%
It's much harder when it's all your call What Comes Next?
100%
Thomas Jefferson's coming home What'd I Miss?
100%
Hmm, Virginia, my home sweet home, I wanna give you a kiss, muah What'd I Miss?
100%
Headfirst into a political abyss (headfirst into the abyss) What'd I Miss?
100%
Every other founding father gets to grow old Who Lives, Who Dies, Who Tells Your Story
100%
Who keeps your fame? Who Lives, Who Dies, Who Tells Your Story
100%
I rely on Angelica Who Lives, Who Dies, Who Tells Your Story
100%
I imagine death so much, it feels more like a memory Yorktown (The World Turned Upside Down) | My Shot | The World Was Wide Enough
100%
I am just a guy in the public eye Your Obedient Servant
100%
I picked up a pen, I wrote my own deliverance Hurricane
50%
Oh shit The Story of Tonight - Reprise
50%
Oh! Now follow the money and see where it goes Washington on Your Side
50%
1776 Aaron Burr, Sir
0%
New York City Aaron Burr, Sir
0%
Pardon me, are you Aaron Burr, sir? Aaron Burr, Sir
0%
That depends, who's asking? Aaron Burr, Sir
0%
Oh, sure, sir Aaron Burr, Sir
0%
I'm Alexander Hamilton, I'm at your service sir Aaron Burr, Sir
0%
I have been looking for you Aaron Burr, Sir
0%
I'm getting nervous Aaron Burr, Sir
0%
Sir, I heard your name at Princeton Aaron Burr, Sir
0%
I was seeking an accelerated course of study Aaron Burr, Sir
0%
When I got sort of out of sorts with a buddy of yours Aaron Burr, Sir
0%
I may have punched him, it's a blur sit Aaron Burr, Sir
0%
He handles the financials? Aaron Burr, Sir
0%
You punched the bursar? Aaron Burr, Sir
0%
Yes! I wanted to do what you did Aaron Burr, Sir
0%
Graduate in two, then join the revolution Aaron Burr, Sir
0%
He looked at me like I was stupid, I'm not stupid Aaron Burr, Sir
0%
So how'd you do it? How'd you graduate so fast? Aaron Burr, Sir
0%
It was my parents' dying wish before they passed Aaron Burr, Sir
0%
You're an orphan? Of course! Aaron Burr, Sir
0%
I'm an orphan, God, I wish there was a war Aaron Burr, Sir
0%
Then we could prove we're worth more than anyone bargained for Aaron Burr, Sir
0%
Can I buy you a drink? Aaron Burr, Sir
0%
That would be nice Aaron Burr, Sir
0%
While we're talking, let me offer you some free advice Aaron Burr, Sir
0%
Ha Aaron Burr, Sir
0%
You can't be serious Aaron Burr, Sir
0%
You wanna get ahead? Aaron Burr, Sir
0%
Fools who run their mouths off wind up dead Aaron Burr, Sir
0%
What time is it? Aaron Burr, Sir
0%
Showtime! Aaron Burr, Sir
0%
Like I said Aaron Burr, Sir
0%
Showtime! Showtime! Yo! Aaron Burr, Sir
0%
I'm John Laurens in the place to be (whoo!) Aaron Burr, Sir
0%
Ay, two pints o' Sam Adams, but I'm working on three ha!) Aaron Burr, Sir
0%
Those redcoats don't want it with me Aaron Burr, Sir
0%
Cause I will pop-chick-a-pop these cops 'til I'm free! Aaron Burr, Sir
0%
Ay, oui, oui, mon ami, je m'appelle Lafayette Aaron Burr, Sir
0%
The Lancelot of the revolutionary set Aaron Burr, Sir
0%
I came from afar just to say "Bonsoir" Aaron Burr, Sir
0%
Tell the King, "Casse toi!" Who's the best? C'est moi! Aaron Burr, Sir
0%
Brrah, Brrah! I am Hercules Mulligan, up in it, lovin' it Aaron Burr, Sir
0%
Yes, I heard your mother said, "Come again?" (Ay) Aaron Burr, Sir
0%
Lock up ya daughters and horses Aaron Burr, Sir
0%
Of course, it's hard to have intercourse Aaron Burr, Sir
0%
Over four sets of corsets (wow) Aaron Burr, Sir
0%
No more sex, pour me another brew, son Aaron Burr, Sir
0%
Let's raise a couple more to the revolution Aaron Burr, Sir
0%
Well, if it ain't the prodigy of Princeton College Aaron Burr, Sir
0%
Aaron Burr. give us a verse, drop some knowledge Aaron Burr, Sir
0%
Good luck with that, you're takin' a stand Aaron Burr, Sir
0%
You spit, I'ma sit, we'll see where we land (boo) Aaron Burr, Sir
0%
Burr, the revolution's imminent, what do you stall for? Aaron Burr, Sir
0%
Ooh, who you? Who you? Who are you? Aaron Burr, Sir
0%
Ooh, who is this kid? What's he gonna do Aaron Burr, Sir
0%
Yes Aaron Burr, Sir | Right Hand Man
0%
Talk less Aaron Burr, Sir | The Election of 1800
0%
What? Aaron Burr, Sir | The Election of 1800
0%
Smile more Aaron Burr, Sir | The Election of 1800
0%
Don't let them know what you're against or what you're for Aaron Burr, Sir | The Election of 1800
0%
And a Scotsman, dropped in the middle of a forgotten Alexander Hamilton
0%
Grow up to be a hero and a scholar? Alexander Hamilton
0%
The ten-dollar Founding Father without a father Alexander Hamilton
0%
By being a lot smarter, by being a self-starter Alexander Hamilton
0%
By 14, they placed him in charge of a trading charter Alexander Hamilton
0%
And every day while slaves were being slaughtered and carted Alexander Hamilton
0%
Away across the waves, he struggled and kept his guard up Alexander Hamilton
0%
Inside, he was longing for something to be a part of Alexander Hamilton
0%
The brother was ready to beg, steal, borrow, or barter Alexander Hamilton
0%
Then a hurricane came, and devastation reigned Alexander Hamilton
0%
Our man saw his future drip, dripping down the drain Alexander Hamilton
0%
Put a pencil to his temple, connected it to his brain Alexander Hamilton
0%
And he wrote his first refrain, a testament to his pain Alexander Hamilton
0%
Well, the word got around, they said "This kid is insane, man" Alexander Hamilton
0%
Took up a collection just to send him to the mainland Alexander Hamilton
0%
"Get your education, don't forget from whence you came, and Alexander Hamilton
0%
The world's gonna know your name, what's your name, man?" Alexander Hamilton
0%
My name is Alexander Hamilton Alexander Hamilton
0%
And there's a million things I haven't done Alexander Hamilton
0%
When he was ten, his father split, full of it, debt-ridden Alexander Hamilton
0%
Two years later, see Alex and his mother bedridden Alexander Hamilton
0%
Half-dead, sittin' in their own sick, the scent thick Alexander Hamilton
0%
Moved in with a cousin, the cousin committed suicide Alexander Hamilton
0%
A voice saying, "Alex, you gotta fend for yourself" Alexander Hamilton
0%
He started retreatin' and readin' every treatise on the shelf Alexander Hamilton
0%
There would have been nothin' left to do Alexander Hamilton
0%
For someone less astute Alexander Hamilton
0%
He woulda been dead or destitute Alexander Hamilton
0%
Without a cent of restitution Alexander Hamilton
0%
Started workin' clerkin' for his late mother's landlord Alexander Hamilton
0%
Tradin' sugar cane and rum and all the things he can't afford Alexander Hamilton
0%
Scammin' for every book he can get his hands on Alexander Hamilton
0%
Plannin' for the future, see him now as he stands (ooh) Alexander Hamilton
0%
The bow of a ship headed for a new land Alexander Hamilton
0%
(In New York, you can be a new man) just you wait! Alexander Hamilton
0%
(In New York, you can be a new man) just you wait! Alexander Hamilton
0%
In New York! (New York) Alexander Hamilton
0%
Just you wait Alexander Hamilton
0%
Alexander Hamilton (Alexander Hamilton) Alexander Hamilton
0%
You could never back down Alexander Hamilton
0%
You never learned to take your time! Alexander Hamilton
0%
Oh, Alexander Hamilton (Alexander Hamilton) Alexander Hamilton
0%
When America sings for you Alexander Hamilton
0%
Will they know what you overcame? Alexander Hamilton
0%
Will they know you rewrote the game? Alexander Hamilton
0%
The world will never be the same, oh Alexander Hamilton
0%
The ship is in the harbor now Alexander Hamilton
0%
See if you can spot him (just you wait) Alexander Hamilton
0%
Another immigrant Alexander Hamilton
0%
Comin' up from the bottom (Just you wait) Alexander Hamilton
0%
His enemies destroyed his rep Alexander Hamilton
0%
America forgot him Alexander Hamilton
0%
We fought with him Alexander Hamilton
0%
Me? I died for him Alexander Hamilton
0%
Me? I trusted him Alexander Hamilton
0%
Me? I loved him Alexander Hamilton
0%
And me? I'm the damn fool that shot him Alexander Hamilton
0%
There's a million things I haven't done Alexander Hamilton
0%
But just you wait! Alexander Hamilton
0%
What's your name, man? Alexander Hamilton
0%
How does a bastard, orphan, son of a whore Alexander Hamilton | A Winter's Ball
0%
In New York, you can be a new man Alexander Hamilton | Helpless
0%
In New York, you can be a new man Alexander Hamilton | Helpless
0%
But just you wait, just you wait Alexander Hamilton | Satisfied
0%
Alexander Hamilton Alexander Hamilton | Satisfied | Guns and Ships | The Room Where It Happens
0%
Alexander Hamilton! Alexander Hamilton | Satisfied | Guns and Ships | The Room Where It Happens
0%
Go on and on, grow into more of a phenomenon? A Winter's Ball
0%
Watch this obnoxious, arrogant, loudmouth bother A Winter's Ball
0%
Be seated at the right hand of the father A Winter's Ball
0%
Washington hires Hamilton right on sight A Winter's Ball
0%
But Hamilton still wants to fight, not write A Winter's Ball
0%
But what do we have in common? A Winter's Ball
0%
We're reliable with the A Winter's Ball
0%
Ladies! A Winter's Ball
0%
There are so many to deflower! A Winter's Ball
0%
Ladies! A Winter's Ball
0%
Looks! Proximity to power A Winter's Ball
0%
Ladies! A Winter's Ball
0%
They delighted and distracted him A Winter's Ball
0%
Martha Washington named her feral tomcat after him A Winter's Ball
0%
(That's true) A Winter's Ball
0%
1780, a winter's ball A Winter's Ball
0%
And the Schuyler sisters are the envy of all A Winter's Ball
0%
Yo, if you could marry a sister, you're rich, son A Winter's Ball
0%
Is it a question of if, Burr, or which one? A Winter's Ball
0%
Hey, hey, hey, hey A Winter's Ball
0%
Hey, hey, hey, hey, hey, hey, hey A Winter's Ball
0%
How does a bastard, orphan, son of a whore A Winter's Ball | Alexander Hamilton
0%
Alexander, come back to sleep Best of Wives and Best of Women
0%
I have an early meeting out of town Best of Wives and Best of Women
0%
Shh Best of Wives and Best of Women
0%
Come back to bed, that would be enough Best of Wives and Best of Women
0%
I'll be back before you know I'm gone Best of Wives and Best of Women
0%
Come back to sleep Best of Wives and Best of Women
0%
This meeting's at dawn Best of Wives and Best of Women
0%
Well, I'm going back to sleep Best of Wives and Best of Women
0%
Hey, best of wives and best of women Best of Wives and Best of Women
0%
Meet the latest graduate of King's College Blow Us All Away
0%
The ladies say my brain's not where the resemblance stops Blow Us All Away
0%
Gotta be my own man, like my father, but bolder Blow Us All Away
0%
I shoulder his legacy with pride, I used to hear him say Blow Us All Away
0%
That someday, I would- Blow Us All Away
0%
Blow us all away Blow Us All Away
0%
Ladies, I'm looking for a Mr. George Eacker Blow Us All Away
0%
Made a speech last night, our Fourth of July speaker Blow Us All Away
0%
He disparaged my father's legacy in front of a crowd Blow Us All Away
0%
I can't have that, I'm making my father proud Blow Us All Away
0%
I saw him just up Broadway a couple of blocks Blow Us All Away
0%
He was goin' to see a play Blow Us All Away
0%
Well, I'll go visit his box Blow Us All Away
0%
God, you're a fox Blow Us All Away
0%
And y'all look pretty good in ya frocks Blow Us All Away
0%
How 'bout when I get back, we all strip down to our socks? Blow Us All Away
0%
Okay! Blow Us All Away
0%
Blow us all away Blow Us All Away
0%
George! Blow Us All Away
0%
Shh Blow Us All Away
0%
George! Blow Us All Away
0%
Shh! I'm tryin' to watch the show! Blow Us All Away
0%
Ya shoulda watched your mouth before you Blow Us All Away
0%
Talked about my father though Blow Us All Away
0%
I didn't say anything that wasn't true Blow Us All Away
0%
Your father's a scoundrel, and so, it seems, are you Blow Us All Away
0%
It's like that? Blow Us All Away
0%
Yeah, I don't fool around Blow Us All Away
0%
I'm not your little schoolboy friends Blow Us All Away
0%
See you on the dueling ground Blow Us All Away
0%
That is, unless you wanna step outside and go now Blow Us All Away
0%
I know where to find you, piss off Blow Us All Away
0%
I'm watchin' this show now Blow Us All Away
0%
Pops, if you had only heard the shit he said about you Blow Us All Away
0%
I doubt you would have let it slide, and I was not about to Blow Us All Away
0%
Slow down Blow Us All Away
0%
I came to ask you for advice, this is my very first duel Blow Us All Away
0%
They don't exactly cover this subject in boarding school Blow Us All Away
0%
Did you friends attempt to negotiate a peace? Blow Us All Away
0%
He refused to apologize, we had to let the peace talks cease Blow Us All Away
0%
Where is this happening? Blow Us All Away
0%
Across the river in Jersey Blow Us All Away
0%
Everything is legal in New Jersey Blow Us All Away
0%
Alright, so this is what you're gonna do Blow Us All Away
0%
Stand there like a man until Eacker is in front of you Blow Us All Away
0%
When the time comes, fire your weapon in the air Blow Us All Away
0%
This will put an end to the whole affair Blow Us All Away
0%
But what if he decides to shoot? Then I'm a goner Blow Us All Away
0%
No! He'll follow suit if he's truly a man of honor Blow Us All Away
0%
To take someone's life, that is something you can't shake Blow Us All Away
0%
Philip, your mother can't take another heartbreak Blow Us All Away
0%
Father Blow Us All Away
0%
Promise me, you don't want this Blow Us All Away
0%
Young man's blood on your conscience Blow Us All Away
0%
Okay, I promise Blow Us All Away
0%
Come back home when you're done Blow Us All Away
0%
Take my guns, be smart, make me proud, son Blow Us All Away
0%
I'm a little nervous, but I can't show it Blow Us All Away
0%
I'm sory, I'm a Hamilton with pride Blow Us All Away
0%
You talk about my father, I cannot let it slide Blow Us All Away
0%
Mister Eacker! How was the rest or your show? Blow Us All Away
0%
I'd rather skip the pleasantries Blow Us All Away
0%
Grab your pistol Blow Us All Away
0%
Confer with your men Blow Us All Away
0%
The duel will commence after we count to ten Blow Us All Away
0%
Count to ten! Blow Us All Away
0%
Then slowly and clearly, aim your gun towards the sky Blow Us All Away
0%
One, two, three, four Blow Us All Away
0%
Five, six, seven- Blow Us All Away
0%
I prob'ly shouldn't brag, but, dag, I amaze and astonish Blow Us All Away | My Shot
0%
I'm only 19 but my mind is older Blow Us All Away | My Shot
0%
Let's go Blow Us All Away | Non-Stop | The Room Where It Happens
0%
Ooh! Blow Us All Away | Stay Alive
0%
My name is Philip Blow Us All Away | Take a Break
0%
I am a poet Blow Us All Away | Take a Break
0%
Look 'em in the eye, aim no higher Blow Us All Away | Ten Duel Commandments | The World Was Wide Enough
0%
I saved every letter you wrote me Burn
0%
From the moment I read them, I knew you were mine Burn
0%
You said you were mine Burn
0%
I thought you were mine Burn
0%
Do you know what Angelica said Burn
0%
When we saw your first letter arrive? Burn
0%
She said, "Be careful with that one, love Burn
0%
He will do what it takes to survive" Burn
0%
You and your words flooded my senses Burn
0%
Your sentences left me defenseless Burn
0%
You built me palaces out of paragraphs Burn
0%
You built cathedrals Burn
0%
I'm re-reading the letters you wrote me Burn
0%
I'm searching and scanning for answers in every line Burn
0%
For some kind of sign Burn
0%
And when you were mine Burn
0%
The world seemed to burn Burn
0%
Burn Burn
0%
You published the letters she wrote you Burn
0%
You told the whole world how you brought this girl into our bed Burn
0%
In clearing your name, you have ruined our lives Burn
0%
Do you know what Angelica said Burn
0%
When she read what you'd done? Burn
0%
She said, "You've married an Icarus Burn
0%
He has flown to close to the sun" Burn
0%
Your sentences border on senseless Burn
0%
And you are paranoid in every paragraph Burn
0%
How they perceive you Burn
0%
You, you, you Burn
0%
I'm erasing myself from the narrative Burn
0%
Let future historians wonder how Eliza reacted when you broke her heart Burn
0%
You have torn it all apart Burn
0%
I'm watching it burn Burn
0%
Watching it burn Burn
0%
The world has no right to my heart Burn
0%
The world has no place in our bed Burn
0%
They don't get to know what I said Burn
0%
I'm burning the memories Burn
0%
Burning the letters that might have redeemed you Burn
0%
You forfeit all rights to my heart Burn
0%
You forfeit the place in our bed Burn
0%
You'll sleep in your office instead Burn
0%
With only the memories of when you were mine Burn
0%
I hope that you burn Burn
0%
Ladies and gentlemen Cabinet Battle #1
0%
You could've been anywhere in the world tonight Cabinet Battle #1
0%
But you're here with us in New York City Cabinet Battle #1
0%
Are you ready for a cabinet meeting, huh? Cabinet Battle #1
0%
Secretary Hamilton's plan to assume Cabinet Battle #1
0%
Life, Liberty, and the Pursuit of Happiness Cabinet Battle #1
0%
We fought for these ideals, we shouldn't settle for less Cabinet Battle #1
0%
These are wise words, enterprising men quote 'em Cabinet Battle #1
0%
Don't act surprised you guys 'cause I wrote 'em Cabinet Battle #1
0%
Ow, but Hamilton forgets Cabinet Battle #1
0%
His plan would have the government assume state's debts Cabinet Battle #1
0%
Now place your bets as to who that benefits Cabinet Battle #1
0%
The very seat of government where Hamilton sits Cabinet Battle #1
0%
Not true Cabinet Battle #1
0%
Ooh, if the shoe fits, wear it Cabinet Battle #1
0%
If New York's in debt, why should Virginia bear it? Cabinet Battle #1
0%
Uh, our debts are paid I'm afraid Cabinet Battle #1
0%
Don't tax the south 'cause we got it made in the shade Cabinet Battle #1
0%
In Virginia, we plant seeds in the ground, we create Cabinet Battle #1
0%
You just wanna move our money around Cabinet Battle #1
0%
This financial plan is an outrageous demand Cabinet Battle #1
0%
And it's too many damn pages for any man to understand Cabinet Battle #1
0%
Stand with me in the land of the free Cabinet Battle #1
0%
And pray to God we never see Hamilton's candidacy Cabinet Battle #1
0%
Look, when Britain taxed our tea, we got frisky Cabinet Battle #1
0%
Imagine what gon happen when you try to tax our whiskey Cabinet Battle #1
0%
Thomas, that was a real nice declaration Cabinet Battle #1
0%
Welcome to the present we're running a real nation Cabinet Battle #1
0%
Would you like to join us, or stay mellow Cabinet Battle #1
0%
Doing whatever the hell it is you do in Monticello? Cabinet Battle #1
0%
If we assume the debts, the Union gets a new line of credit Cabinet Battle #1
0%
A financial diuretic, how do you not get it? Cabinet Battle #1
0%
If we're aggressive and competitive, the Union gets a boost Cabinet Battle #1
0%
You'd rather give it a sedative Cabinet Battle #1
0%
A civics lesson from a slaver Cabinet Battle #1
0%
Hey neighbor Cabinet Battle #1
0%
Your debts are paid 'cause you don't pay for labour Cabinet Battle #1
0%
We plant seeds in the South, we create Cabinet Battle #1
0%
Yeah keep ranting, we know who's really doing the planting Cabinet Battle #1
0%
And another thing, Mr. Age of Enlightenment Cabinet Battle #1
0%
Don't lecture me about the war, you didn't fight in it Cabinet Battle #1
0%
While you were off getting high with the French Cabinet Battle #1
0%
Thomas Jefferson, always hesitant with the president Cabinet Battle #1
0%
Reticent, there isn't a plan he doesn't jettison Cabinet Battle #1
0%
Madison, you're mad as a hatter, so take your medicine Cabinet Battle #1
0%
Damn, you're in worse shape than the national debt is in Cabinet Battle #1
0%
Sitting there useless as two shits Cabinet Battle #1
0%
Hey, turn around, bend over, I'll show you where my shoe fits Cabinet Battle #1
0%
Madison, Jefferson, take a walk Cabinet Battle #1
0%
Hamilton, take a walk Cabinet Battle #1
0%
We're going to reconvene after a brief recess Cabinet Battle #1
0%
Sir Cabinet Battle #1
0%
A word Cabinet Battle #1
0%
You don't have the votes Cabinet Battle #1
0%
Ah ha ha ha Cabinet Battle #1
0%
You're gonna need congressional approval and you don't have the votes Cabinet Battle #1
0%
Such a blunder, sometimes it makes me wonder Cabinet Battle #1
0%
Why I even bring the thunder Cabinet Battle #1
0%
Why he even brings the thunder Cabinet Battle #1
0%
You wanna pull yourself together Cabinet Battle #1
0%
I'm sorry, these Virginians are birds of a feather Cabinet Battle #1
0%
Young man, I'm from Virginia, so watch your mouth Cabinet Battle #1
0%
So we let Congress get held hostage by the South Cabinet Battle #1
0%
You need the votes Cabinet Battle #1
0%
No, we need bold strokes Cabinet Battle #1
0%
We need this plan Cabinet Battle #1
0%
No, you need to convince more folks Cabinet Battle #1
0%
Well James Madison won't talk to me Cabinet Battle #1
0%
That's a non-starter Cabinet Battle #1
0%
Ah, winning was easy young man Cabinet Battle #1
0%
Governing's harder Cabinet Battle #1
0%
They're being intransigent Cabinet Battle #1
0%
You have to find a compromise Cabinet Battle #1
0%
But they don't have a plan, they just hate mine Cabinet Battle #1
0%
Convince them otherwise Cabinet Battle #1
0%
And what happens if I don't get Congressional approval Cabinet Battle #1
0%
I imagine they'll call for your removal Cabinet Battle #1
0%
Sir Cabinet Battle #1
0%
Figure it out, Alexander Cabinet Battle #1
0%
The issue on the table Cabinet Battle #1 | Cabinet Battle #2
0%
Thank you, Secretary Jefferson Cabinet Battle #1 | Cabinet Battle #2
0%
Secretary Hamilton, your response Cabinet Battle #1 | Cabinet Battle #2
0%
Hamilton Cabinet Battle #1 | Guns and Ships | Cabinet Battle #2 | The Room Where It Happens
0%
That's an order from your commander Cabinet Battle #1 | Meet Me Inside
0%
Excuse me Cabinet Battle #1 | Schuyler Defeated
0%
The issue on the table, France is on the verge of war with England Cabinet Battle #2
0%
And do we provide aid and troops to our French allies Cabinet Battle #2
0%
Or do we stay out of it? Cabinet Battle #2
0%
Remember, my decision on this matter is not subject to Congressional approval Cabinet Battle #2
0%
The only person you have to convince is me Cabinet Battle #2
0%
When we were on death's door, when we were needy Cabinet Battle #2
0%
We made a promise, we signed a treaty Cabinet Battle #2
0%
We needed money and guns and half a chance Cabinet Battle #2
0%
Uh. who provided those funds? (France) Cabinet Battle #2
0%
In return, they didn't ask for land Cabinet Battle #2
0%
Only a promise that we'd lend a hand Cabinet Battle #2
0%
And stand with them as they fought against oppressors Cabinet Battle #2
0%
And revolution is messy, but now is the time to stand Cabinet Battle #2
0%
Stand with our brothers as they fight against tyranny Cabinet Battle #2
0%
I know that Alexander Hamilton is here Cabinet Battle #2
0%
And he'd rather not have this debate Cabinet Battle #2
0%
I'll remind you that he is not Secretary of State Cabinet Battle #2
0%
He knows nothing of loyalty (nothing) Cabinet Battle #2
0%
Smells like new money, dresses like fake royalty Cabinet Battle #2
0%
Desperate to rise above his station Cabinet Battle #2
0%
Everything he does betrays the ideals of our nation Cabinet Battle #2
0%
Hey, and if ya don't know, now ya know, Mr. President Cabinet Battle #2
0%
(Come on) (Let's go) Cabinet Battle #2
0%
You must be out of your God-damn mind if you think Cabinet Battle #2
0%
The President is gonna bring the nation to the brink Cabinet Battle #2
0%
Of meddling in the middle of a military mess Cabinet Battle #2
0%
A game of chess, where France is Queen and Kingless Cabinet Battle #2
0%
We signed a treaty with a King whose head is now in a basket Cabinet Battle #2
0%
Would you like to take it out and ask it? Cabinet Battle #2
0%
"Should we honor our treaty, King Louis' head?" Cabinet Battle #2
0%
"Uh, do whatever you want, I'm super dead!" Cabinet Battle #2
0%
Enough, enough, Hamilton is right (Mr. President) Cabinet Battle #2
0%
But sir, do we not fight for freedom? Cabinet Battle #2
0%
Sure, when the French figure out who's gonna lead 'em Cabinet Battle #2
0%
The people are leading Cabinet Battle #2
0%
The people are rioting Cabinet Battle #2
0%
There's a difference, frankly, it's a little disquieting Cabinet Battle #2
0%
You would let your ideals blind you to reality Cabinet Battle #2
0%
Hamilton (sir) draft a statement of neutrality Cabinet Battle #2
0%
Did you forget Lafayette? (What?) Cabinet Battle #2
0%
Have you an ounce of regret? Cabinet Battle #2
0%
You accumulate debt, you accumulate power Cabinet Battle #2
0%
Yet in their hour of need, you forget Cabinet Battle #2
0%
Lafayette's a smart man, he'll be fine Cabinet Battle #2
0%
And before he was your friend, he was mine Cabinet Battle #2
0%
If we try to fight in every revolution in the world, we never stop Cabinet Battle #2
0%
Where do we draw the line? Cabinet Battle #2
0%
So quick-witted Cabinet Battle #2
0%
Alas, I admit it Cabinet Battle #2
0%
I bet you were quite a lawyer Cabinet Battle #2
0%
My defendants got acquitted Cabinet Battle #2
0%
Yeah, well, someone oughta remind you (what?) Cabinet Battle #2
0%
You're nothing without Washington behind you Cabinet Battle #2
0%
Daddy's calling Cabinet Battle #2
0%
Secretary Jefferson, you have the floor, sir Cabinet Battle #2 | Cabinet Battle #1
0%
Secretary Hamilton, your response Cabinet Battle #2 | Cabinet Battle #1
0%
(Hamilton) Cabinet Battle #2 | Stay Alive | Guns and Ships | Cabinet Battle #1 | The Room Where It Happens
0%
Dear Theodosia, what to say to you? Dear Theodosia
0%
You have my eyes, you have your mother's name Dear Theodosia
0%
When you came into the world, you cried Dear Theodosia
0%
I'm dedicating every day to you Dear Theodosia
0%
Domestic life was never quite my style Dear Theodosia
0%
When you smile, you knock me out, I fall apart Dear Theodosia
0%
And I thought I was so smart Dear Theodosia
0%
You will come of age with our young nation Dear Theodosia
0%
We'll bleed and fight for you Dear Theodosia
0%
We'll make it right for you Dear Theodosia
0%
If we lay a strong enough foundation Dear Theodosia
0%
We'll pass it on to you, we'll give the world to you Dear Theodosia
0%
And you'll blow us all away Dear Theodosia
0%
Someday, someday Dear Theodosia
0%
Yeah, you'll blow us all away Dear Theodosia
0%
Someday, someday Dear Theodosia
0%
Oh, Philip, when you smile I am undone Dear Theodosia
0%
My son, look at my son Dear Theodosia
0%
There is so much more inside me now Dear Theodosia
0%
Oh, Philip, you outshine the morning sun Dear Theodosia
0%
My son Dear Theodosia
0%
When you smile, I fall apart Dear Theodosia
0%
And I thought I was so smart Dear Theodosia
0%
My father wasn't around (my father wasn't around) Dear Theodosia
0%
I swear that I'll be around for you Dear Theodosia
0%
I'll do whatever it takes (I'll make a million mistakes) Dear Theodosia
0%
I'll make the world safe and sound for you Dear Theodosia
0%
You'll come of age with our young nation Dear Theodosia
0%
We'll bleed and fight for you Dear Theodosia
0%
We'll make it right for you Dear Theodosia
0%
If we lay a strong enough foundation Dear Theodosia
0%
We'll pass it on to you, we'll give the world to you Dear Theodosia
0%
Yeah, you'll blow us all away Dear Theodosia
0%
Someday, someday Dear Theodosia
0%
Hear ye, hear ye! Farmer Refuted
0%
My name is Samuel Seabury Farmer Refuted
0%
And I present "Free Thoughts on the Proceedings of the Continental Congress" Farmer Refuted
0%
Heed not the rabble who scream, "Revolution!" Farmer Refuted
0%
Oh my God, tear this dude apart Farmer Refuted
0%
Chaos and bloodshed are not a solution Farmer Refuted
0%
Don't let them lead you astray Farmer Refuted
0%
This Congress does not speak for me (let him be) Farmer Refuted
0%
For shame Farmer Refuted
0%
For shame Farmer Refuted
0%
Yeah he'd have you all unravel at the sound of scream but the (heed not the rabble who scream) Farmer Refuted
0%
Revolution is coming the have-nots are gonna win this (they have not your interests at heart) Farmer Refuted
0%
It's hard to listen to you with a straight face Farmer Refuted
0%
Chaos and bloodshed already haunt us (chaos and bloodshed are not a solution) Farmer Refuted
0%
Honestly, you shouldn't even talk, and what about Boston? (Don't let them lead you astray) Farmer Refuted
0%
Look at the cost and all that we've lost, and you talk about Congress? Farmer Refuted
0%
(This Congress does not speak for me) my dog speaks more eloquently than thee Farmer Refuted
0%
(They're playing a dangerous game) but strangely, your mange is the same Farmer Refuted
0%
(I pray the king shows you his mercy) is he in Jersey? Farmer Refuted
0%
(For shame) for the revolution! Farmer Refuted
0%
(For shame) for the revolution! Farmer Refuted
0%
(Heed-) if you repeat yourself again, I'm gonna scream Farmer Refuted
0%
(Scream-) honestly, look at me, please don't read- Farmer Refuted
0%
(Not your interests-) don't modulate the key then not debate with me Farmer Refuted
0%
Why should a tiny island across the sea regulate the price of tea Farmer Refuted
0%
Alexander, please! Farmer Refuted
0%
Burr, I'd rather be divisive than indecisive Farmer Refuted
0%
Drop the niceties Farmer Refuted
0%
Silence! Farmer Refuted
0%
A message from the King! Farmer Refuted
0%
A message from the King! Farmer Refuted
0%
A message from the King! Farmer Refuted
0%
How does a ragtag volunteer army in need of a shower Guns and Ships
0%
Somehow defeat a global superpower? Guns and Ships
0%
How do we emerge victorious from the quagmire? Guns and Ships
0%
Leave the battlefield, waving Betsy Ross' flag higher? Guns and Ships
0%
Yo, turns out we have a secret weapon Guns and Ships
0%
An immigrant, you know and love, who's unafraid to step in Guns and Ships
0%
He's constantly confusin', confoundin' the British henchmen Guns and Ships
0%
Ev'ryone give it up for America's favorite fighting Frenchman Guns and Ships
0%
Lafayette! Guns and Ships
0%
I'm takin' this horse by the reins makin' Guns and Ships
0%
Redcoats redder with bloodstains Guns and Ships
0%
Lafayette! Guns and Ships
0%
And I'm never gonna stop until I make 'em Guns and Ships
0%
Drop and burn 'em up and scatter their remains, I'm Guns and Ships
0%
Lafayette! Guns and Ships
0%
Watch me engagin' 'em! Escapin' 'em! Guns and Ships
0%
Enragin' 'em! I'm- Guns and Ships
0%
Lafayette! Guns and Ships
0%
I go to France for more funds Guns and Ships
0%
Lafayette! Guns and Ships
0%
I come back with more guns Guns and Ships
0%
And ships Guns and Ships
0%
And so the balance shifts Guns and Ships
0%
We rendezvous with Rochambeau, consolidate their gifts Guns and Ships
0%
We can end this war at Yorktown, cut them off at sea, but Guns and Ships
0%
For this to succeed, there is someone else we need Guns and Ships
0%
I know Guns and Ships
0%
Sir, he knows what to do in a trench Guns and Ships
0%
Ingenuitive and fluent in French, I mean- Guns and Ships
0%
Sir, you're gonna have to use him eventually Guns and Ships
0%
What's he gonna do on the bench, ami? Guns and Ships
0%
No one has more resilience Guns and Ships
0%
You wanna fight for your land back? Guns and Ships
0%
I need my right-hand man back! Guns and Ships
0%
(Hamilton) get ya right-hand man, back Guns and Ships
0%
You know you gotta get ya right-hand man back Guns and Ships
0%
I mean you gotta put some thought Guns and Ships
0%
Into the letter but the sooner, the better Guns and Ships
0%
To get your right-hand man back Guns and Ships
0%
Troops are waiting in the field for you Guns and Ships
0%
If you join us right now, together we can turn the tide Guns and Ships
0%
Oh, Alexander Hamilton Guns and Ships
0%
I have soldiers that will yield for you Guns and Ships
0%
If we manage to get this right Guns and Ships
0%
They'll surrender by early light Guns and Ships
0%
The world will never be the same, Alexander Guns and Ships
0%
Hamilton! Guns and Ships | Stay Alive | Cabinet Battle #1 | Cabinet Battle #2 | The Room Where It Happens
0%
Hamilton! Guns and Ships | Stay Alive | Cabinet Battle #1 | Cabinet Battle #2 | The Room Where It Happens
0%
Hamilton! Guns and Ships | Stay Alive | Cabinet Battle #1 | Cabinet Battle #2 | The Room Where It Happens
0%
Hamilton Guns and Ships | Stay Alive | Cabinet Battle #1 | Cabinet Battle #2 | The Room Where It Happens
0%
Hamilton! Guns and Ships | Stay Alive | Cabinet Battle #1 | Cabinet Battle #2 | The Room Where It Happens
0%
Hey (hey, hey) Helpless
0%
Ooh (hey, hey) Helpless
0%
I do, I do, I do, I do (hey, hey, hey, hey, hey) Helpless
0%
Boy, you got me helpless Helpless
0%
Look into your eyes, and the sky's the limit Helpless
0%
I'm helpless Helpless
0%
Down for the count, and I'm drownin' in 'em Helpless
0%
I have never been the type to try and grab the spotlight Helpless
0%
We were at a revel with some rebels on a hot night Helpless
0%
Laughin' at my sister as she's dazzling the room Helpless
0%
Then you walked in, and my heart went "boom" Helpless
0%
Tryin' to catch your eye from side of the ballroom Helpless
0%
Everybody's dancin' and the band's top volume Helpless
0%
Grind to the rhythm as we wine and dine Helpless
0%
Grab a sister and whisper, "Yo, this one's mine" (ooh) Helpless
0%
My sister made her way across the room to you (ooh) Helpless
0%
And I got nervous, thinking, what's she gonna do? (Ooh) Helpless
0%
She grabs you by the arm, I'm thinking I'm through (ooh) Helpless
0%
Then you look back at me, and suddenly Helpless
0%
I'm helpless Helpless
0%
Oh, look at those eyes, oh (look into your eyes, and the sky's the limit) Helpless
0%
I'm helpless, I know Helpless
0%
Down for the count, and I'm drownin' in 'em Helpless
0%
(Helpless) I am so into you Helpless
0%
(Look into your eyes and the sky's the limit) I am so into you Helpless
0%
I'm helpless (I know) Helpless
0%
I'm down for the count, and I'm drownin' in em Helpless
0%
One week later, I'm writin' a letter nightly Helpless
0%
Now my life gets better every letter that you write me Helpless
0%
Laughin' at my sister 'cause she wants to form a harem Helpless
0%
Two weeks later, in the living room stressin' Helpless
0%
My father's stone-faced while you ask him for his blessin' Helpless
0%
I'm dying inside as you wine and dine Helpless
0%
And I'm tryin' not to cry, 'cause there's nothing that your mind can't do (ooh) Helpless
0%
My father makes his way across the room to you (ooh) Helpless
0%
I panic for a second, thinking we're through (ooh) Helpless
0%
And you turn back to me smiling Helpless
0%
I'm helpless Helpless
0%
(Look into your eyes, and the sky's the limit) Helpless
0%
I'm helpless (helpless) Helpless
0%
Down for the count, and I'm drownin' in 'em (whoo!) Helpless
0%
Helpless (that boy is mine, that boy is mine, ooh) Helpless
0%
Look into your eyes, and the sky's the limit Helpless
0%
I'm helpless (helpless) (whoo) Helpless
0%
Down for the count (yeah), and I'm drownin' in 'em Helpless
0%
Eliza, I don't have a dollar to my name Helpless
0%
An acre of land, a troop to command, a dollop of fame Helpless
0%
All I have is my honor, a tolerance for pain Helpless
0%
A couple of college credits and my top-notch brain Helpless
0%
Insane, your family brings out a different side of me Helpless
0%
Peggy confides in me, Angelica tried to take a bite of me Helpless
0%
No stress, my love for you was never in doubt Helpless
0%
We'll get a little place in Harlem and we'll figure it out Helpless
0%
I've been livin' without a family since I was a child Helpless
0%
My father left, my mother died, I grew up buck wild Helpless
0%
But, I'll never forget my mother's face, that was real Helpless
0%
As long as I'm alive, Eliza, swear to god you'll never feel so Helpless
0%
(Helpless) I do, I do, I do Helpless
0%
Eliza (helpless) (I do, I do, I do) Helpless
0%
I never felt so (helpless) Helpless
0%
Yeah, yeah Helpless
0%
Down for the count, and I'm drownin' in 'em (down for a count, and I'm-) Helpless
0%
Helpless (yo, my life is gon' be fine 'cause Eliza's in it) Helpless
0%
Helpless (I look into your eyes, and the sky's the limit, I'm) Helpless
0%
(Down for the count, and I'm drownin' in 'em) Helpless
0%
In New York, you can be a new man (helpless) Helpless
0%
In New York, you can be a new man Helpless | Alexander Hamilton
0%
In New York, you can be a new man Helpless | Alexander Hamilton
0%
Where are you taking me? Helpless | Satisfied
0%
I'm about to change your life Helpless | Satisfied
0%
Then, by all means, lead the way Helpless | Satisfied
0%
Elizabeth Schuyler, it's a pleasure to meet you Helpless | Satisfied
0%
Schuyler? (My sister) Helpless | Satisfied
0%
If it takes fighting a war for us to meet, it will have been worth it Helpless | Satisfied
0%
I'll leave you to it Helpless | Satisfied
0%
Thank you for all your service Helpless | Satisfied | Meet Me Inside
0%
Helpless Helpless | Satisfied | Non-Stop
0%
I was younger than you are now History Has Its Eyes on You
0%
When I was given my first command History Has Its Eyes on You
0%
I witnessed their deaths firsthand History Has Its Eyes on You
0%
I made every mistake and felt the shame rise in me History Has Its Eyes on You
0%
And even now I lie awake, knowing history has its eyes on me (whoa, whoa) History Has Its Eyes on You
0%
History has its eyes on me (whoa, whoa, yeah) History Has Its Eyes on You
0%
I know that we can win History Has Its Eyes on You
0%
I know that greatness lies in you History Has Its Eyes on You
0%
But remember from here on in, history has its eyes on you (whoa, whoa) History Has Its Eyes on You
0%
History has its eyes on you History Has Its Eyes on You | Non-Stop | Hurricane
0%
Let me tell you what I wish I'd known History Has Its Eyes on You | Who Lives, Who Dies, Who Tells Your Story
0%
When I was young and dreamed of glory History Has Its Eyes on You | Who Lives, Who Dies, Who Tells Your Story
0%
In the eye of a hurricane there is quiet Hurricane
0%
A yellow sky Hurricane
0%
When I was seventeen, a hurricane destroyed my town Hurricane
0%
I didn't drown, I couldn't seem to die Hurricane
0%
I wrote my way out Hurricane
0%
Wrote everything down far as I could see Hurricane
0%
I wrote my way out Hurricane
0%
I look up and the town had its eyes on me Hurricane
0%
They passed a plate around Hurricane
0%
And total strangers Hurricane
0%
Moved to kindness by my story Hurricane
0%
Raised enough for me to book passage on a ship that was New York bound Hurricane
0%
I wrote my way out of hell Hurricane
0%
I wrote my way to revolution Hurricane
0%
I wrote Eliza love letters until she fell Hurricane
0%
I wrote about the Constitution and defended it well Hurricane
0%
And in the face of ignorance and resistance Hurricane
0%
I wrote financial systems into existence Hurricane
0%
And when my prayers to God were met with indifference Hurricane
0%
In the eye of a hurricane there is quiet Hurricane
0%
For just a moment Hurricane
0%
A yellow sky Hurricane
0%
I was twelve when my mother died Hurricane
0%
She was holding me Hurricane
0%
We were sick, and she was holding me Hurricane
0%
I couldn't seem to die Hurricane
0%
I'll write my way out (wait for it, wait for it, wait for it) Hurricane
0%
Write ev'rything down, far as I can see (wait for it, wait for it, wait for it) Hurricane
0%
I'll write my way out Hurricane
0%
Overwhelm them with honesty Hurricane
0%
This is the eye of the hurricane Hurricane
0%
this is the only way I can protect my legacy Hurricane
0%
The Reynolds Pamphlet Hurricane | The Reynolds Pamphlet
0%
Wait for it, wait for it, wait for it Hurricane | Wait For It
0%
Wait for it, wait for it, wait for it, wait Hurricane | Wait For It
0%
They say George Washington's yielding his power and stepping away I Know Him
0%
Is that true? I Know Him
0%
I wasn't aware that was something a person could do I Know Him
0%
I'm perplexed I Know Him
0%
Are they going to keep on replacing whoever's in charge? I Know Him
0%
If so, who's next? I Know Him
0%
There's nobody else in their country who looms quite as large I Know Him
0%
John Adams? I Know Him
0%
I know him, that can't be I Know Him
0%
That's that little guy who spoke to me I Know Him
0%
All those years ago, what was it, '85? I Know Him
0%
That poor man, they're going to eat him alive I Know Him
0%
Next to Washington, they all look small I Know Him
0%
All along, watch them run I Know Him
0%
They will tear each other into pieces I Know Him
0%
Jesus Christ, this will be fun I Know Him
0%
"President" John Adams I Know Him
0%
Good luck! I Know Him
0%
Da-da-da, dat-da, dat, da-da-da, da-ya-da I Know Him | You'll Be Back
0%
Da-da, dat, dat, da-ya-da I Know Him | You'll Be Back
0%
Oceans rise, empires fall I Know Him | You'll Be Back | What Comes Next?
0%
There are moments that the words don't reach It's Quiet Uptown
0%
There is suffering too terrible to name It's Quiet Uptown
0%
You hold your child as tight as you can It's Quiet Uptown
0%
And push away the unimaginable It's Quiet Uptown
0%
The moments when you're in so deep It's Quiet Uptown
0%
It feels easier to just swim down It's Quiet Uptown
0%
The Hamiltons move uptown It's Quiet Uptown
0%
And learn to live with the unimaginable It's Quiet Uptown
0%
I spend hours in the garden It's Quiet Uptown
0%
I walk alone to the store It's Quiet Uptown
0%
And it's quiet uptown It's Quiet Uptown
0%
I never liked the quiet before It's Quiet Uptown
0%
I take the children to church on Sunday It's Quiet Uptown
0%
A sign of the cross at the door It's Quiet Uptown
0%
And I pray It's Quiet Uptown
0%
That never used to happen before It's Quiet Uptown
0%
If you see him in the street It's Quiet Uptown
0%
Walking by himself, talking to himself, have pity It's Quiet Uptown
0%
Philip, you would like it uptown, it's quiet uptown It's Quiet Uptown
0%
He is working through the unimaginable It's Quiet Uptown
0%
His hair has gone grey It's Quiet Uptown
0%
They say he walks the length of the city It's Quiet Uptown
0%
Can you imagine? It's Quiet Uptown
0%
Look at where we are It's Quiet Uptown
0%
Look at where we started It's Quiet Uptown
0%
I know I don't deserve you. Eliza It's Quiet Uptown
0%
But hear me out It's Quiet Uptown
0%
If I could spare his life It's Quiet Uptown
0%
If I could trade his life for mine It's Quiet Uptown
0%
He'd be standing here right now It's Quiet Uptown
0%
And you would smile and that would be enough It's Quiet Uptown
0%
The challenges we're facing It's Quiet Uptown
0%
I know there's no replacing what we've lost It's Quiet Uptown
0%
And you need time It's Quiet Uptown
0%
Just let me stay here by your side It's Quiet Uptown
0%
If you see him in the street It's Quiet Uptown
0%
Walking by her side, talking by her side, have pity It's Quiet Uptown
0%
Eliza, do you like it uptown? It's quiet uptown It's Quiet Uptown
0%
He is trying to do the unimaginable It's Quiet Uptown
0%
See them walking in the park, long after dark It's Quiet Uptown
0%
Taking in the sights of the city It's Quiet Uptown
0%
Look around, look around, Eliza It's Quiet Uptown
0%
They are tryna do the unimaginable It's Quiet Uptown
0%
There's a grace too powerful to name It's Quiet Uptown
0%
We push away what we can never understand It's Quiet Uptown
0%
We push away the unimaginable It's Quiet Uptown
0%
They are standing in the garden It's Quiet Uptown
0%
Alexander by Eliza's side It's Quiet Uptown
0%
She takes his hand It's Quiet Uptown
0%
Forgiveness, can you imagine? It's Quiet Uptown
0%
Forgiveness, can you imagine? It's Quiet Uptown
0%
If you see him in the street It's Quiet Uptown
0%
They are going through the unimaginable It's Quiet Uptown
0%
You knock me out, I fall apart It's Quiet Uptown | Dear Theodosia
0%
That would be enough It's Quiet Uptown | That Would Be Enough
0%
I don't pretend to know It's Quiet Uptown | That Would Be Enough
0%
But I'm not afraid It's Quiet Uptown | That Would Be Enough
0%
I know who I married It's Quiet Uptown | That Would Be Enough
0%
That would be enough It's Quiet Uptown | That Would Be Enough
0%
It's quiet uptown It's Quiet Uptown | The Election of 1800
0%
Lee, do you yield? Meet Me Inside
0%
You shot him in the side, yes, he yields Meet Me Inside
0%
I'm satisfied Meet Me Inside
0%
Yo, we gotta clear the field Meet Me Inside
0%
Go, we won Meet Me Inside
0%
Here comes the General! Meet Me Inside
0%
This should be fun Meet Me Inside
0%
Mr. Burr, get a medic for the General (yes, sir) Meet Me Inside
0%
Lee, you will never agree with me Meet Me Inside
0%
But believe me, these young men don't speak for me Meet Me Inside
0%
Let's ride Meet Me Inside
0%
Hamilton? (Sir) Meet me inside Meet Me Inside
0%
Meet him inside Meet Me Inside
0%
Meet him inside Meet Me Inside
0%
Meet him inside, meet him, meet him inside Meet Me Inside
0%
Son (don't call me son) Meet Me Inside
0%
This war is hard enough without infighting Meet Me Inside
0%
Lee called you out, we called his bluff Meet Me Inside
0%
You solve nothing, you aggravate our allies to the south Meet Me Inside
0%
You're absolutely right, John should have shot him in the mouth Meet Me Inside
0%
That would've shut him up Meet Me Inside
0%
Son (I'm not ya son), watch your tone Meet Me Inside
0%
I am not a maiden in need of defening (Charles Lee), I am grown Meet Me Inside
0%
Thomas Conway, these men take your name, and they rake it through the mud Meet Me Inside
0%
My name's been through a lot, I can take it Meet Me Inside
0%
Well, I don't have your name, I don't have your titles Meet Me Inside
0%
I don't have your land, but, if you - (no) Meet Me Inside
0%
If you gave me command of a battalion, a group of men to lead Meet Me Inside
0%
I could fly above my station after the war Meet Me Inside
0%
Or you could die and we need you alive Meet Me Inside
0%
I'm more than willing to die Meet Me Inside
0%
Your wife needs you alive, son, I need you alive Meet Me Inside
0%
Call me son one more time! Meet Me Inside
0%
Go home, Alexander Meet Me Inside
0%
(Sir!) Go home! Meet Me Inside
0%
That's an order from your commander Meet Me Inside | Cabinet Battle #1
0%
Thank you for your service Meet Me Inside | Helpless | Satisfied
0%
Ayo, I'm just like my country My Shot
0%
I'm young, scrappy, and hungry My Shot
0%
The problem is, I got a lot of brains, but no polish My Shot
0%
I gotta holler just to be heard My Shot
0%
I'm a diamond in the rough, a shiny piece of coal My Shot
0%
Tryna reach my goal, my power of speech, unimpeachable My Shot
0%
These New York City streets get colder, I shoulder My Shot
0%
Every burden, every disadvantage I have learned to manage My Shot
0%
I don't have a gun to brandish, I walk these streets famished (whoo) My Shot
0%
The plan is to fan this spark into a flame My Shot
0%
But damn, it's getting dark, so let me spell out the name My Shot
0%
I am the A-L-E-X-A-N-D-E-R My Shot
0%
We are meant to be My Shot
0%
A colony that runs independently My Shot
0%
Meanwhile, Britain keeps shittin' on us endlessly My Shot
0%
Essentially, they tax us relentlessly My Shot
0%
Then King George turns around, runs a spendin' spree My Shot
0%
He ain't never gonna set his descendants free My Shot
0%
So there will be a revolution in this century My Shot
0%
Enter me (he says in parentheses) My Shot
0%
Don't be shocked when your history book mentions me My Shot
0%
Eventually, you'll my ascendancy My Shot
0%
And I am not throwin' away my shot (my shot) My Shot
0%
Ayo, I'm just like my country My Shot
0%
I'm young, scrappy, and hungry My Shot
0%
I'm young, scrappy, and hungry My Shot
0%
It's time to take a shot My Shot
0%
I dream of life without a monarchy My Shot
0%
The unrest in France will lead to on-archy My Shot
0%
On-archy? How you say? How you - oh, anarchy! My Shot
0%
When I fight, I make the other side panicky with my shot My Shot
0%
Yo, I'm a tailor's apprentice My Shot
0%
And I got y'all knuckleheads in loco parentis My Shot
0%
I'm joining the rebellion, 'cause I know it's my chance to socially advance My Shot
0%
Instead of sewing some pants (whoo) My Shot
0%
I'm gonna take a shot My Shot
0%
Eh, but we'll never be truly free My Shot
0%
Until those in bondage have the same rights as you and me (that's right) My Shot
0%
You and I, do or die (whoo, whoo!) My Shot
0%
Wait till I sally in on a stallion with the first black battalion My Shot
0%
Have another shot My Shot
0%
Geniuses, lower your voices My Shot
0%
I'm with you, but the situation is fraught My Shot
0%
You've got to be carefully taught My Shot
0%
If you talk, you're gonna get shot My Shot
0%
Burr, check what we've got My Shot
0%
Mr. Lafayette, hard rock like Lancelot My Shot
0%
I think your pants look hot, Laurens, I like you a lot My Shot
0%
What are the odds the gods would put us all in one spot? My Shot
0%
Poppin' a squat on conventional wisdom, like it or not My Shot
0%
A bunch of revolutionary manumission abolitionists My Shot
0%
Give me a position, show me where the ammunition is My Shot
0%
Oh, am I talkin' too loud? My Shot
0%
Sometimes I get overexcited, shoot off at the mouth My Shot
0%
I never had a group of friends before My Shot
0%
I promise that I'll make y'all prowd My Shot
0%
Let's get this guy in front of a crowd My Shot
0%
Ayo, I'm just like my country My Shot
0%
Hey, yo, I'm just like my country My Shot
0%
I'm young, scrappy, and hungry My Shot
0%
Everybody sing! Whoa, whoa, whoa My Shot
0%
Hey, whoa (whoo), whoa My Shot
0%
Said let 'em hear ya! Let's go! (Yeah) My Shot
0%
Whoa, whoa, whoa (I said shout it to the rooftops) My Shot
0%
Whoa (said to the rooftops) My Shot
0%
Whoa (oh, come one), yeah (come on, let's go) My Shot
0%
Rise up, when you're living on your knees, you rise up My Shot
0%
Tell your brother that he's gotta rise up My Shot
0%
Tell your sister that she's gotta rise up My Shot
0%
When are these colonies gonna rise up? (Whoa) My Shot
0%
When are these colonies gonna rise up? (Whoa) My Shot
0%
When are these colonies gonna rise up? My Shot
0%
Rise up My Shot
0%
When's it gonna get me? In my sleep? Seven feet ahead of me? My Shot
0%
If I see it comin' do I run, or do I let it be? My Shot
0%
Is it like a beat without a melody? My Shot
0%
See, I never thought I'd live past 20 My Shot
0%
Where I come from, some get half as many My Shot
0%
Ask anybody why we livin' fast, and we laugh, reach for a flask My Shot
0%
We have to make this moment last, that's plenty My Shot
0%
Scratch that, this is not a movement, it's the movement My Shot
0%
Where all the hungriest brothers with something to prove went? My Shot
0%
Foes oppose us, we take an honest stand My Shot
0%
We roll like Moses, claimin' our promised land My Shot
0%
And if we win our independence? My Shot
0%
Is that a guarantee of freedom for our descendants? My Shot
0%
Or will the blood we shed begin My Shot
0%
An endless cycle of vengeance and death with no defendants? My Shot
0%
I know the action in the street is excitin' My Shot
0%
But Jesus, between all the bleedin' and fightin' My Shot
0%
I've been readin' and writin' My Shot
0%
We need to handle our financial situation My Shot
0%
Are we a nation of states? What's the state of our nation? My Shot
0%
I'm past patiently waitin' My Shot
0%
I'm passionately smashin' every expectation My Shot
0%
Every action's an act of creation My Shot
0%
I'm laughing in the face of casualties and sorrow My Shot
0%
For the first time, I'm thinkin' past tomorrow My Shot
0%
And I am not throwin' away my shot My Shot
0%
Ayo, I'm just like my country My Shot
0%
I'm young, scrappy, and hungry My Shot
0%
We're gonna rise up, time to take a shot (I am not throwin' away my shot) My Shot
0%
We're gonna rise up, time to take a shot (I am not throwin' away my shot) My Shot
0%
We're gonna rise up, rise up (it's time to take a shot) My Shot
0%
Rise up, rise up (it's time to take a shot) My Shot
0%
Rise up, whoa (it's time to take a shot) My Shot
0%
Rise up, take a shot, shot, shot (whoa) My Shot
0%
Ayo, it's time to take a shot, time to take a shot (whoa, whoa) My Shot
0%
And I am not throwin' away my, not throwin' away my shot My Shot
0%
I probably shouldn't brag, but dang, I amaze and astonish My Shot | Blow Us All Away
0%
Only 19, but my mind is older My Shot | Blow Us All Away
0%
I am not throwin' away my shot My Shot | Right Hand Man | Yorktown (The World Turned Upside Down) | Non-Stop
0%
I am not throwin' away my shot My Shot | Right Hand Man | Yorktown (The World Turned Upside Down) | Non-Stop
0%
I am not throwin' away my shot My Shot | Right Hand Man | Yorktown (The World Turned Upside Down) | Non-Stop
0%
I am not throwin' away my shot My Shot | Right Hand Man | Yorktown (The World Turned Upside Down) | Non-Stop
0%
I am not throwin' away my shot My Shot | Right Hand Man | Yorktown (The World Turned Upside Down) | Non-Stop
0%
I am not throwin' away my shot My Shot | Right Hand Man | Yorktown (The World Turned Upside Down) | Non-Stop
0%
I am not throwin' away my shot My Shot | Right Hand Man | Yorktown (The World Turned Upside Down) | Non-Stop
0%
I am not throwin' away my shot My Shot | Right Hand Man | Yorktown (The World Turned Upside Down) | Non-Stop
0%
I am not throwin' away my shot My Shot | Right Hand Man | Yorktown (The World Turned Upside Down) | Non-Stop
0%
And I'm not throwin' away my shot My Shot | Yorktown (The World Turned Upside Down)
0%
And I'm not throwin' away my shot My Shot | Yorktown (The World Turned Upside Down)
0%
And I'm not throwin' away my shot My Shot | Yorktown (The World Turned Upside Down)
0%
And I'm not throwin' away my shot My Shot | Yorktown (The World Turned Upside Down)
0%
And I'm not throwin' away my shot My Shot | Yorktown (The World Turned Upside Down)
0%
And I'm not throwin' away my shot My Shot | Yorktown (The World Turned Upside Down)
0%
I imagine death so much, it feels more like a memory My Shot | Yorktown (The World Turned Upside Down) | The World Was Wide Enough
0%
After the war, I went back to New York Non-Stop
0%
A-after the war, I went back to New York Non-Stop
0%
I finished up my studies, and I practiced law Non-Stop
0%
I practiced law, Burr worked next door Non-Stop
0%
Even though we started at the very same time Non-Stop
0%
Alexander Hamilton began to climb Non-Stop
0%
How to account for his rise to the top? Non-Stop
0%
Man, the man is non-stop Non-Stop
0%
Gentlemen of the jury, I'm curious, bear with me Non-Stop
0%
Are you aware that we're making history? Non-Stop
0%
This is the first murder trial of our brand-new nation Non-Stop
0%
The liberty behind deliberation (non-stop) Non-Stop
0%
I intend to prove beyond a shadow of a doubt with my assistant counsel Non-Stop
0%
Our client, Levi Weeks, is innocent Non-Stop
0%
Call your first witness, that's all you had to say Non-Stop
0%
Okay Non-Stop
0%
One more thing Non-Stop
0%
Why do you assume you're the smartest in the room? Non-Stop
0%
(Hey) Non-Stop
0%
(Hey) Non-Stop
0%
Why do you assume you're the smartest in the room? Non-Stop
0%
(Hey) Non-Stop
0%
Soon that attitude may be your doom (aw!) Non-Stop
0%
(Hey) Non-Stop
0%
Write day and night like you're running out of time? Non-Stop
0%
(Hey) Non-Stop
0%
Every day you fight, like you're running out of time (hey) Non-Stop
0%
Keep on fighting in the meantime (non-stop) Non-Stop
0%
Corruption's such an old song that we can sing Non-Stop
0%
Along in harmony, and nowhere is it stronger that in Albany Non-Stop
0%
This colony's economy's increasingly stalling and Non-Stop
0%
Honestly, that's why public service seems to be calling me (he's just non-stop) Non-Stop
0%
I practiced the law, I practically perfected it Non-Stop
0%
I've seen injustice in the world, and I've corrected it Non-Stop
0%
Now for a strong central democracy Non-Stop
0%
If not, then I'll be Socrates Non-Stop
0%
Throwing verbal rocks at these mediocrities Non-Stop
0%
Hamilton, at the Constitutional Convention Non-Stop
0%
I was chosen for the Constitutional Convention Non-Stop
0%
There as a New York junior delegate Non-Stop
0%
Now, what I'm going to say may sound indelicate (aww!) Non-Stop
0%
Goes and proposes his own form of government (what?) Non-Stop
0%
His own plan for a new form of government (what?) Non-Stop
0%
Talks for six hours, the convention is listless Non-Stop
0%
Bright young man Non-Stop
0%
Yo, who the f is this? Non-Stop
0%
Why do you always say what you believe? Non-Stop
0%
Why do you always say what you believe? Non-Stop
0%
Every proclamation guarantees Non-Stop
0%
Free ammunition for your enemies (aw!) Non-Stop
0%
Why do you write like it's going out of style? (Hey) Non-Stop
0%
Write day and night like it's going out of style? (Hey) Non-Stop
0%
Do what you do Non-Stop
0%
Well, it's the middle of the night Non-Stop
0%
Can we confer, sir? Non-Stop
0%
Is this a legal matter? Non-Stop
0%
Yes, and it's important to me Non-Stop
0%
What do you need? Non-Stop
0%
Burr, you're a better lawyer than me Non-Stop
0%
Okay Non-Stop
0%
I know I talk to much, I'm abrasive Non-Stop
0%
You're succinct, persuasive Non-Stop
0%
My client needs a strong defense, you're the solution Non-Stop
0%
Who's your client? Non-Stop
0%
The new U.S. Constitution? Non-Stop
0%
No Non-Stop
0%
Hear me out Non-Stop
0%
No way! Non-Stop
0%
A series of essays, anonymously published Non-Stop
0%
Defending the document to the public Non-Stop
0%
No one will read it Non-Stop
0%
I disagree Non-Stop
0%
And if it fails? Non-Stop
0%
Burr, that's why we need it Non-Stop
0%
The Constitution's a mess Non-Stop
0%
It's full of contradictions Non-Stop
0%
So is independence Non-Stop
0%
We have to start somewhere Non-Stop
0%
No, no way Non-Stop
0%
You're making a mistake Non-Stop
0%
Good night Non-Stop
0%
Hey! Non-Stop
0%
What are you waiting for? Non-Stop
0%
What do you stall for? (What?) Non-Stop
0%
We won the war, what was it all for? Non-Stop
0%
Do you support this Constitution? Non-Stop
0%
Of course Non-Stop
0%
Then defend it Non-Stop
0%
And what if you're backing the wrong horse? Non-Stop
0%
Burr, we studied, and we foughtm and we killed Non-Stop
0%
For the notion of a nation, we now get to build Non-Stop
0%
For once in your life, take a stand with pride Non-Stop
0%
I don't understand how you stand to the side Non-Stop
0%
I'll keep all my plans close to my chest (wait for it, wait for it, wait for it, wait) Non-Stop
0%
I'll wait here and see which way the wind will blow Non-Stop
0%
I'm taking my time, watching the afterbirth of a nation Non-Stop
0%
I am sailing off the London Non-Stop
0%
I am accompanied by someone who always pays Non-Stop
0%
I have found a wealthy husband who will keep in comfort for all my days Non-Stop
0%
He is not a lot of fun, but there's no one Non-Stop
0%
Who can match you for turn of phrase Non-Stop
0%
My Alexander Non-Stop
0%
Don't forget to write Non-Stop
0%
And if your wife could share a fraction of your time Non-Stop
0%
Would that be enough? Non-Stop
0%
Alexander joins forces with James Madison Non-Stop
0%
And John Jay to write a series of essays Non-Stop
0%
Defending the new United States Constitution Non-Stop
0%
Entitled "The Federalist Papers" Non-Stop
0%
The plan was to write a total of 25 essays Non-Stop
0%
The work divided evenly among the three men Non-Stop
0%
In the end, they wrote 85 essays in the span of six months Non-Stop
0%
John Jay got sick after writing five Non-Stop
0%
James Madison wrote 29 Non-Stop
0%
Hamilton wrote the other 51 Non-Stop
0%
How do you write like you're running out of time? Non-Stop
0%
Write day and night like you're running out of time? Non-Stop
0%
Like you're running out of time Non-Stop
0%
Are you running out of time? (Aww!) Non-Stop
0%
How do you write like tommorow won't arrive? Non-Stop
0%
How do you write like you need it to survive? Non-Stop
0%
How do you write every second you're alive? Non-Stop
0%
Every second you're alive? Every second you're alive? Non-Stop
0%
They're asking me to lead Non-Stop
0%
I'm doing the best I can Non-Stop
0%
To get the people that I need Non-Stop
0%
I'm asking you to be my right-hand man (Treasury or state?) Non-Stop
0%
I know it's a lot to ask (Treasury or State?) Non-Stop
0%
To leave behind the world you know Non-Stop
0%
Sir, do you want me to run the Treasury or State department? Non-Stop
0%
Treasury Non-Stop
0%
I have to leave Non-Stop
0%
They are asking me to lead Non-Stop
0%
Look around, isn't this enough? Non-Stop
0%
He will never be satisfied (what would be enough?) Non-Stop
0%
We will never be satisfied (to be satisfied?) Non-Stop
0%
Satisfied, satisfied Non-Stop
0%
Why do you assume you're the smartest in the room? Non-Stop
0%
Why do you assume you're the smartest in the room? (Non-stop) Non-Stop
0%
Why do you assume you're the smartest in the room? (Non-stop) Non-Stop
0%
Why do you assume you're the smartest in the room? (History has its eyes) Non-Stop
0%
Why do you write like you're running out of time? (Non-stop) Non-Stop
0%
Why do you fight like Non-Stop
0%
I am Alexander Hamilton Non-Stop
0%
Hamilton, just you wait Non-Stop
0%
Why do you write like you're running out of time? Non-Stop | Best of Wives and Best of Women
0%
Helpless Non-Stop | Helpless | Satisfied
0%
History has its eyes on you Non-Stop | History Has Its Eyes on You | Hurricane
0%
I am not throwin' away my shot (just you wait) Non-Stop | My Shot | Right Hand Man | Yorktown (The World Turned Upside Down)
0%
I am not throwin' away my shot (just you wait) Non-Stop | My Shot | Right Hand Man | Yorktown (The World Turned Upside Down)
0%
I am not throwin' away my shot Non-Stop | My Shot | Right Hand Man | Yorktown (The World Turned Upside Down)
0%
Aaron Burr, sir Non-Stop | Right Hand Man | Ten Duel Commandments
0%
(He will never be satisfied, satisfied) Non-Stop | Satisfied
0%
Angelica Non-Stop | Take a Break
0%
Alexander? Non-Stop | Ten Duel Commandments | Take a Break | The Election of 1800
0%
Alexander Non-Stop | Ten Duel Commandments | Take a Break | The Election of 1800
0%
Alexander Non-Stop | Ten Duel Commandments | Take a Break | The Election of 1800
0%
Look at where you are Non-Stop | That Would Be Enough
0%
Look at where you started Non-Stop | That Would Be Enough
0%
The fact that you're alive is a miracle Non-Stop | That Would Be Enough
0%
Just stay alive, that would be enough Non-Stop | That Would Be Enough
0%
If I could grant you peace of mind Non-Stop | That Would Be Enough
0%
Let's go Non-Stop | The Room Where It Happens | Blow Us All Away
0%
Look around, look around at how lucky we are to be alive right now Non-Stop | The Schuyler Sisters | That Would Be Enough
0%
Mr. President, you asked to see me? One Last Time
0%
I know you're busy One Last Time
0%
What do you need, sir? One Last Time
0%
I want to give you a word of warning One Last Time
0%
Sir, I don't know what you heard One Last Time
0%
You're kidding One Last Time
0%
I need a favor One Last Time
0%
Whatever you say, sir One Last Time
0%
Jefferson will pay for this behavior One Last Time
0%
Shh, talk less One Last Time
0%
I'll use the press One Last Time
0%
I'll write under a pseudonym One Last Time
0%
You'll see what I can do to him One Last Time
0%
I need you to draft an address One Last Time
0%
Yes! He resigned One Last Time
0%
You can finally speak your mind One Last Time
0%
No One Last Time
0%
He's stepping down so he can run for President One Last Time
0%
Ha! One Last Time
0%
Good luck defeating you, sir One Last Time
0%
I'm stepping down One Last Time
0%
I'm not running for President One Last Time
0%
I'm sorry, what? One Last Time
0%
One last time One Last Time
0%
Relax, have a drink with me One Last Time
0%
One last time One Last Time
0%
Let's take a break tonight One Last Time
0%
And then we'll teach 'em how to say goodbye One Last Time
0%
To say goodbye One Last Time
0%
You and I One Last Time
0%
No, Sir, why? One Last Time
0%
I want to talk about neutrality One Last Time
0%
Sir, with Britain and France on the verge of war One Last Time
0%
Is this the best time– One Last Time
0%
I want to warn against partisan fighting One Last Time
0%
But– One Last Time
0%
Pick up a pen, start writing One Last Time
0%
I wanna talk about what I have learned One Last Time
0%
The hard-won wisdom I have earned One Last Time
0%
You have to serve, you could continue to serve (no!) One Last Time
0%
One last time One Last Time
0%
The people will hear from me One Last Time
0%
And if we get this right One Last Time
0%
We're gonna teach 'em how to say goodbye One Last Time
0%
You and I One Last Time
0%
They will see we're strong One Last Time
0%
Your position is so unique One Last Time
0%
So I'll use it to move them along One Last Time
0%
Why do you have to say goodbye? One Last Time
0%
If I say goodbye, the nation learns to move on One Last Time
0%
It outlives me when I'm gone One Last Time
0%
Like the Scripture says One Last Time
0%
"Everyone shall sit under their own vine and fig tree One Last Time
0%
And no one shall make them afraid" One Last Time
0%
They'll be safe in this nation we've made One Last Time
0%
One last time One Last Time
0%
One last time One Last Time
0%
"Though, in reviewing the incidents of my administration One Last Time
0%
I am nevertheless to sensible of my defects One Last Time
0%
Not to think it probable that I may have committed many errors One Last Time
0%
I shall also carry with me the hope that One Last Time
0%
My country will view them with indulgence One Last Time
0%
And that after 45 years of my life One Last Time
0%
Dedicated to its service with an upright zeal One Last Time
0%
The faults of incompetent abilities will be consigned to oblivion One Last Time
0%
As I myself must soon be to the mansions of rest One Last Time
0%
I anticipate with pleasing expectation that retreat One Last Time
0%
In which I promise myself to realize One Last Time
0%
The sweet enjoyment of partaking One Last Time
0%
In the midst of my fellow citizens One Last Time
0%
The benign influence of good laws One Last Time
0%
Under a free government One Last Time
0%
The ever-favorite object of my heart One Last Time
0%
And the happy reward, as I trust One Last Time
0%
Of our mutual cares, labors, and dangers" One Last Time
0%
One last time (George Washington's going home) One Last Time
0%
Teach 'em how to say goodbye (George Washington's going home) One Last Time
0%
Going home (George Washington's going home!) One Last Time
0%
History has its eyes on you, you, you, yeah (George Washington's going home!) One Last Time
0%
We're gonna teach them how to One Last Time
0%
Say goodbye! (teach them how to say goodbye!) One Last Time
0%
Teach them how to say goodbye! (teach them how) One Last Time
0%
To say goodbye! (Say goodbye!) One Last Time
0%
Say goodbye! (Say goodbye!) One Last Time
0%
One last time! (One last time!) One Last Time
0%
Time! One Last Time
0%
Sir? One Last Time | Right Hand Man
0%
No! One Last Time | The Room Where It Happens | Stay Alive - Reprise
0%
British Admiral Howe's got troops Right Hand Man
0%
Thirty-two thousand troops in New York Harbour Right Hand Man
0%
Thirty-two thousand troops in New York Harbour (thirty-two thousand troops in New York Harbour) Right Hand Man
0%
When they surround our troops, they surround our troops Right Hand Man
0%
As a kid in the Caribbean, I wished for a war Right Hand Man
0%
I knew that I was poor Right Hand Man
0%
I knew it was the only way to rise up Right Hand Man
0%
If they tell my story Right Hand Man
0%
I am either gonna die on the battlefield in glory or rise up Right Hand Man
0%
I will fight for this land Right Hand Man
0%
But there's only one man who can give us a command, so we can rise up Right Hand Man
0%
Understand? It's the only way to rise up, rise up Right Hand Man
0%
Here he comes Right Hand Man
0%
(Here comes the General!) Ladies and gentlemen! Right Hand Man
0%
(Here comes the General!) The moment you've been waiting for! Right Hand Man
0%
(Here comes the General!) The pride of Mount Vernon! Right Hand Man
0%
(Here comes the General!) George Washington! Right Hand Man
0%
We are outgunned (what?) Right Hand Man
0%
Outmanned (what?) Right Hand Man
0%
Outnumbered, outplanned (buck, buck, buck, buck, buck!) Right Hand Man
0%
We gotta make an all out stand Right Hand Man
0%
Ayo, I'm gonna need a right-hand man (buck, buck, buck, buck, buck!) Right Hand Man
0%
Check it, can I be real a second? Right Hand Man
0%
For just a millisecond Right Hand Man
0%
Let down my guard and tell the people how I feel a second? Right Hand Man
0%
Now, I'm the model of a modern major general Right Hand Man
0%
The venerated Virginian veteran Right Hand Man
0%
Whose men are all lining up, to put me on a pedestal Right Hand Man
0%
Writin' letters to relatives, embellishin' my elegance and eloquence, but Right Hand Man
0%
The elephant is in the room Right Hand Man
0%
The truth is in your face when you hear British cannons go boom! Right Hand Man
0%
Any hope of success is fleeting Right Hand Man
0%
How can I keep leading when the people I'm leading keep retreating? Right Hand Man
0%
We put a stop to the bleeding as the British take Brooklyn Right Hand Man
0%
Knight takes rook, but look Right Hand Man
0%
We are outgunned (what?) Right Hand Man
0%
Outnumbered, outplanned (buck, buck, buck, buck, buck!) Right Hand Man
0%
We gotta make an all out stand Right Hand Man
0%
Ayo, I'm gonna need a right-hand man (buck, buck, buck, buck, buck!) Right Hand Man
0%
Incoming! Right Hand Man
0%
They're battering down the battery, check the damages (rah!) Right Hand Man
0%
We gotta stop 'em and rob 'em of their advantages (rah!) Right Hand Man
0%
Let's take a stand with the stamina God has granted us Right Hand Man
0%
Hamilton won't abandon ship, yo, let's steal their cannons Right Hand Man
0%
Shh-boom, goes the cannon, watch the blood and the shit spray, and Right Hand Man
0%
And boom, goes the cannon, we're abandonin' Kips Bay Right Hand Man
0%
And boom, there's another ship Right Hand Man
0%
And boom, we just lost the southern tip Right Hand Man
0%
And boom, we gotta run to Harlem quick, we can't afford another slip Right Hand Man
0%
Guns and horses giddyup Right Hand Man
0%
I decide to divvy up my forces Right Hand Man
0%
They're skittish as the British cut the city up Right Hand Man
0%
This close to givin' up, facing mad scrutiny Right Hand Man
0%
Are these the men with which I am to defend America? Right Hand Man
0%
We ride at midnight, Manhattan in the distance Right Hand Man
0%
I cannot be everywhere at once, people! Right Hand Man
0%
I'm in dire need of assistance Right Hand Man
0%
Your Excellency, sir! Right Hand Man
0%
Who are you? Right Hand Man
0%
Permission to state my case? Right Hand Man
0%
As you were Right Hand Man
0%
Sir, I was a captain under General Montgomery until he caught a bullet in the neck in Quebec Right Hand Man
0%
And well, in summary Right Hand Man
0%
I think that I could be of some assistance Right Hand Man
0%
I admire how you keep firing on the British from a distance (huh) Right Hand Man
0%
I have some questions, a couple of suggestions Right Hand Man
0%
On how to fight instead of fleeing west Right Hand Man
0%
Yes? Right Hand Man
0%
Well- Right Hand Man
0%
Your Excellency, you wanted to see me? Right Hand Man
0%
Hamilton, come in, have you met Burr? Right Hand Man
0%
Yes, sir, we keep meeting Right Hand Man
0%
As I was saying, sir, I look forward to seeing your strategy play out Right Hand Man
0%
Close the door on your way out Right Hand Man
0%
Have I done something wrong, sir? Right Hand Man
0%
On the contrary Right Hand Man
0%
I called you here because our odds are beyond scary Right Hand Man
0%
Your reputation precedes you, but I have to laugh Right Hand Man
0%
Hamilton, how come no one can get you on their staff? Right Hand Man
0%
Don't get me wrong, you're a young man of great renown Right Hand Man
0%
I know you stole British cannons when we were still downtown Right Hand Man
0%
Nathaniel Green and Henry Knox wanted to hire you Right Hand Man
0%
Yeah, to be their Secretary? I don't think so Right Hand Man
0%
Now why are you upset? I'm not Right Hand Man
0%
It's alright, you wanna fight, you've got a hunger Right Hand Man
0%
I was just like you when I was younger Right Hand Man
0%
Head full of fantasies of dying like a martyr? Right Hand Man
0%
Dying is easy, young man, living is harder Right Hand Man
0%
Why are you telling me this? Right Hand Man
0%
I'm being honest Right Hand Man
0%
We are a powder keg about to explode Right Hand Man
0%
I need someone like you to lighten the load, so? Right Hand Man
0%
Ayo, I'm just like my country, I'm young, scrappy and hungry! Right Hand Man
0%
Son, we are outgunned, outmanned Right Hand Man
0%
You need all the help you can get Right Hand Man
0%
I have some friends, Laurens, Mulligan Right Hand Man
0%
Marquis de Lafayette, okay, what else? Right Hand Man
0%
Outnumbered, outplanned! Right Hand Man
0%
We need some spies on the inside Right Hand Man
0%
Some king's men who might let some things slide Right Hand Man
0%
(Boom!) I'll write to Congress and tell 'em we need supplies Right Hand Man
0%
You rally the guys, master the element of surprise Right Hand Man
0%
(Chicka-boom!) I'll rise above my station, organize your information Right Hand Man
0%
Til we rise to the occasion of our new nation, sir! Right Hand Man
0%
Here comes the General Right Hand Man
0%
Rise up! (What?) Right Hand Man
0%
Here comes the General Right Hand Man
0%
Rise up! (What?) Right Hand Man
0%
Here comes the General Right Hand Man
0%
Rise up! (What?) Right Hand Man
0%
Here comes the General Right Hand Man
0%
(What?) And his right-hand man! Right Hand Man
0%
Boom! Right Hand Man
0%
Yes Right Hand Man | Aaron Burr, Sir
0%
I am not throwing away my shot! Right Hand Man | My Shot | Yorktown (The World Turned Upside Down) | Non-Stop
0%
I am not throwing away my shot! Right Hand Man | My Shot | Yorktown (The World Turned Upside Down) | Non-Stop
0%
I am not throwing away my shot! Right Hand Man | My Shot | Yorktown (The World Turned Upside Down) | Non-Stop
0%
Sir? Right Hand Man | One Last Time
0%
Sir? Right Hand Man | One Last Time
0%
Sir! Right Hand Man | One Last Time
0%
Burr? Right Hand Man | Schuyler Defeated | We Know | The Election of 1800
0%
Aaron Burr, sir Right Hand Man | Ten Duel Commandments | Non-Stop
0%
Alright, alright Satisfied
0%
That's what I'm talkin' about Satisfied
0%
Now, everyone give it up for the maid of honor Satisfied
0%
Angelica Schuyler Satisfied
0%
A toast to the groom (to the groom, to the groom, to the groom) Satisfied
0%
To the bride (to the bride, to the bride, to the bride) Satisfied
0%
From your sister (Angelica, Angelica, Angelica) Satisfied
0%
Who is always by your side (by your side, by your side) Satisfied
0%
To your union (to the union, to the revolution) Satisfied
0%
And the hope that you provide (you provide, you provide) Satisfied
0%
May you always (always) Satisfied
0%
Be satisfied (rewind) Satisfied
0%
Rewind, rewind Satisfied
0%
Helpless, sky's, sky's Satisfied
0%
Drownin' in 'em Satisfied
0%
Drownin', rewind Satisfied
0%
I remember that night I just might (rewind) Satisfied
0%
I remember that night I just might (rewind) Satisfied
0%
I remember that night, I remember that– Satisfied
0%
I remember that night, I just might regret that night for the rest of my days Satisfied
0%
I remember those soldier boys tripping over themselves to win our praise Satisfied
0%
I remember that dreamlike candlelight like a dream that you can't quite place Satisfied
0%
But Alexander, I'll never forget the first time I saw your face Satisfied
0%
I have never been the same Satisfied
0%
Intelligent eyes in a hunger-pang frame Satisfied
0%
And when you said, "Hi", I forgot my dang name Satisfied
0%
Set my heart aflame, every part aflame Satisfied
0%
This is not a game Satisfied
0%
You strike me as a woman who has never been satisfied Satisfied
0%
Is that right? Satisfied
0%
I've never been satisfied Satisfied
0%
My name is Angelica Schuyler Satisfied
0%
Where's your family from? Satisfied
0%
Unimportant, there's a million things I haven't done Satisfied
0%
So, so, so Satisfied
0%
So this is what it feels like to match wits with someone at your level Satisfied
0%
What the hell is the catch? Satisfied
0%
It's the feeling of freedom, of seein' the light Satisfied
0%
It's Ben Franklin with a key and a kite Satisfied
0%
You see it, right? Satisfied
0%
The conversation lasted two minutes Satisfied
0%
Maybe three minutes, everything we said in total agreement Satisfied
0%
It's a dream, and it's a bit of a dance Satisfied
0%
A bit of a posture, it's a bit of a stance Satisfied
0%
He's a bit of a flirt, but I'ma give it a chance Satisfied
0%
I asked about his family, did you see his answer? Satisfied
0%
His hands started fidgeting, he looked askance Satisfied
0%
He's penniless, he's flying by the seat of his pants Satisfied
0%
Handsome, boy, does he know it Satisfied
0%
Peach fuzz, and he can't even grow it Satisfied
0%
I wanna take him far away from this place Satisfied
0%
Then I turn and see my sister's face, and she is... Satisfied
0%
And I know she is Satisfied
0%
And her eyes are just Satisfied
0%
And I realize Satisfied
0%
Three fundamental truths at the exact same time Satisfied
0%
I'm a girl in a world in which my only job is to marry rich Satisfied
0%
My father has no sons, so I'm the one who has to social climb for one Satisfied
0%
So I'm the oldest and the wittiest and the gossip in New York City is insidious Satisfied
0%
And Alexander is penniless Satisfied
0%
Ha! That doesn't mean I want him any less Satisfied
0%
He's after me 'cause I'm a Schuyler sister, that elevates his status Satisfied
0%
I'd have to be naïve to set that aside Satisfied
0%
Maybe that is why I introduce him to Eliza, now that's his bride Satisfied
0%
Nice going, Angelica, he was right, you will never be satisfied Satisfied
0%
She would say, "I'm fine" Satisfied
0%
She'd be lying Satisfied
0%
But when I fantasize at night it's Alexander's eyes Satisfied
0%
As I romanticize what might have been if I hadn't sized him up so quickly Satisfied
0%
At least my dear Eliza's his wife Satisfied
0%
To the groom (to the groom, to the groom, to the groom) Satisfied
0%
To the bride (to the bride, to the bride, to the bride) Satisfied
0%
From your sister (Angelica, Angelica, Angelica) Satisfied
0%
Who is always by your side (by your side, by your side) Satisfied
0%
To your union (to the union, to the revolution) Satisfied
0%
And the hope that you provide (you provide, you provide) Satisfied
0%
May you always (always) Satisfied
0%
Be satisfied (be satisfied, be satisfied, be satisfied) Satisfied
0%
And I know (be satisfied, be satisfied, be satisfied) Satisfied
0%
She'll be happy as his bride (be satisfied, be satisfied, be satisfied) Satisfied
0%
And I know (be satisfied, be satisfied, be satisfied) Satisfied
0%
I will never be satisfied Satisfied
0%
But just you wait, just you wait Satisfied | Alexander Hamilton
0%
Alexander Hamilton Satisfied | Alexander Hamilton | Guns and Ships | The Room Where It Happens
0%
Where are you taking me? Satisfied | Helpless
0%
I'm about to change your life Satisfied | Helpless
0%
Then, by all means, lead the way Satisfied | Helpless
0%
Elizabeth Schuyler, it's a pleasure to meet you Satisfied | Helpless
0%
Schuyler? Satisfied | Helpless
0%
My sister Satisfied | Helpless
0%
If it takes fighting a war for us to meet, it will have been worth it Satisfied | Helpless
0%
I'll leave you to it Satisfied | Helpless
0%
Thank you for all your service Satisfied | Helpless | Meet Me Inside
0%
Helpless Satisfied | Helpless | Non-Stop
0%
Helpless Satisfied | Helpless | Non-Stop
0%
Helpless Satisfied | Helpless | Non-Stop
0%
He will never be satisfied Satisfied | Non-Stop
0%
Number one Satisfied | Ten Duel Commandments
0%
Number two Satisfied | Ten Duel Commandments
0%
Number three Satisfied | Ten Duel Commandments
0%
I know my sister like I know my own mind Satisfied | The Reynolds Pamphlet
0%
You will never find anyone as trusting or as kind Satisfied | The Reynolds Pamphlet
0%
Someone under stress meets someone looking pretty Say No to This
0%
There's trouble in the air, you can smell it Say No to This
0%
And Alexander's by himself Say No to This
0%
I'll let him tell it Say No to This
0%
I hadn't slept in a week, I was weak, I was awake Say No to This
0%
You've never seen a bastard orphan more in need of a break Say No to This
0%
Longing for Angelica, missing my wife Say No to This
0%
That's when Miss Maria Reynolds walked into my life Say No to This
0%
She said Say No to This
0%
I know you are a man of honor Say No to This
0%
I'm so sorry to bother you at home Say No to This
0%
But I don't know where to go Say No to This
0%
And I came here all alone Say No to This
0%
She said Say No to This
0%
My husband's doin' me wrong Say No to This
0%
Beatin' me, cheatin' me, mistreatin' me Say No to This
0%
Suddenly he's up and gone Say No to This
0%
I don't have the means to go on Say No to This
0%
So I offered her a loan Say No to This
0%
She lived a block away, she said, (this one's mine, sir) Say No to This
0%
Then I said, "Well, I should head back home" Say No to This
0%
She turned red, she led me to her bed Say No to This
0%
Let her legs spread and said, (stay) Say No to This
0%
Hey, (hey) Say No to This
0%
That's when I began to pray Say No to This
0%
Lord, show me how to say no to this Say No to This
0%
I don't know how to say no to this Say No to This
0%
But my God, she looks so helpless Say No to This
0%
And her body's saying, "Hell, yes" Say No to This
0%
No, show me how to say no to this (whoa) Say No to This
0%
I don't know how to say no to this Say No to This
0%
In my mind, I'm tryna go (go, go, go!) Say No to This
0%
Then her mouth is on mine, and I don't say (no, no!) Say No to This
0%
Say no to this, no, no! Say No to This
0%
Say no to this, no, no! Say No to This
0%
Say no to this! Say No to This
0%
I wish I could say that was the last time Say No to This
0%
I said that last time, it became a pastime Say No to This
0%
A month into this endeavor I received a letter from a Mr. James Reynolds Say No to This
0%
Even better, it said Say No to This
0%
Uh-oh, you made the wrong sucker a cuckold Say No to This
0%
And hey, you can keep seein' my whore wife if the price is right Say No to This
0%
If not, I'm telling your wife Say No to This
0%
I hid the letter and I raced to her place Say No to This
0%
Screamed, "How could you?" in her face Say No to This
0%
She said, (no, sir!) Say No to This
0%
Half dressed, apologetic Say No to This
0%
A mess, she looked pathetic Say No to This
0%
She cried, (please don't go, sir!) Say No to This
0%
So was your whole story a setup? (I don't know about any letter) Say No to This
0%
Stop crying, goddamnit, get up (I didn't know any better) Say No to This
0%
I am ruined (please don't leave me with him) Say No to This
0%
I am helpless (I am helpless) Say No to This
0%
How could I do this? Say No to This
0%
Just give him what he wants, and you can have me (I don't want you) Say No to This
0%
Whatever you want (I don't want you) Say No to This
0%
If you pay, you can stay Say No to This
0%
Lord, show me how to say no to this (tonight) Say No to This
0%
I don't know how to say no to this Say No to This
0%
But the situation's helpless (helpless) Say No to This
0%
And her body's screaming, "Hell, yes" Say No to This
0%
No, show me how to say no to this (whoa) Say No to This
0%
How can I say no to this Say No to This
0%
There is nowhere I can go (go, go, go) Say No to This
0%
When her body's on mine, I do not say (no) Say No to This
0%
Yes (say no to this) Say No to This
0%
(No!) Yes! Say No to This
0%
Yes (say no to this) Say No to This
0%
(No!) Yes! Say No to This
0%
Yes (say no to this) Say No to This
0%
(No!) Yes! Say No to This
0%
Yes (say no to this) Say No to This
0%
Say no to this, I don't say no to this Say No to This
0%
There is nowhere I can go (go, go, go) Say No to This
0%
Nobody needs to know Say No to This
0%
There's nothing like summer in the city Say No to This | The Schuyler Sisters
0%
Dear Sir, I hope this letter finds you in good health Say No to This | We Know
0%
And in a prosperous enough position to put wealth Say No to This | We Know
0%
In the pockets of people like me down on their luck Say No to This | We Know
0%
You see, that was my wife who you decided to fuck Say No to This | We Know
0%
So? Say No to This | We Know
0%
Look, grandpa's in the paper Schuyler Defeated
0%
War hero Philip Schuyler loses Senate seat to young upstart Aaron Burr Schuyler Defeated
0%
Grandpa just lost his seat in the Senate Schuyler Defeated
0%
Sometimes, that's how it goes Schuyler Defeated
0%
Daddy's gonna find out any minute Schuyler Defeated
0%
I'm sure he already knows Schuyler Defeated
0%
Further down Schuyler Defeated
0%
"Let's meet the newest Senator from New York..." Schuyler Defeated
0%
New York Schuyler Defeated
0%
Our Senator Schuyler Defeated
0%
Since when are you a Democratic-Republican? Schuyler Defeated
0%
Since being one put me on the up and up again Schuyler Defeated
0%
No one knows who you are or what you do Schuyler Defeated
0%
They don't need to know me, they don't like you Schuyler Defeated
0%
Oh, Wall Street thinks you're great Schuyler Defeated
0%
You'll always be adored by the things you create Schuyler Defeated
0%
But upstate Schuyler Defeated
0%
People think you're crooked Schuyler Defeated
0%
And Schuyler's seat was up for grabs, so I took it Schuyler Defeated
0%
I've always considered you a friend Schuyler Defeated
0%
I don't see why that has to end Schuyler Defeated
0%
You changed parties to run against my father-in-law Schuyler Defeated
0%
I swear, your pride will be the death of us all! Schuyler Defeated
0%
Beware; it goeth before the fall Schuyler Defeated
0%
Excuse me? Schuyler Defeated | Cabinet Battle #1
0%
Burr? Schuyler Defeated | Right Hand Man
0%
Wait Schuyler Defeated | The World Was Wide Enough
0%
I have never seen the General so despondent Stay Alive
0%
I have taken over writing all his correspondence Stay Alive
0%
Congress writes, "George, attack the British forces" Stay Alive
0%
I shoot back, we have resorted to eating our horses Stay Alive
0%
Local merchants deny us equipment, assistance Stay Alive
0%
They only take British money, so sing a song of sixpence Stay Alive
0%
The cavalry's not coming Stay Alive
0%
But, sir Stay Alive
0%
Alex, listen, there's only one way to win this Stay Alive
0%
Provoke outrage Stay Alive
0%
Outright Stay Alive
0%
That's right Stay Alive
0%
Remain relentless 'til their troops take slight Stay Alive
0%
Make it impossible to justify the cost of the fight (uh-huh) Stay Alive
0%
Outrun Stay Alive
0%
Outrun Stay Alive
0%
Outlast Stay Alive
0%
Outlast Stay Alive
0%
Hit 'em quick, get out fast Stay Alive
0%
Chick-a-plao! Stay Alive
0%
Stay alive 'til this horror show is past Stay Alive
0%
We're gonna fly a lot of flags half-mast Stay Alive
0%
(Raise a glass) Stay Alive
0%
I go back to New York and my apprenticeship Stay Alive
0%
I ask for French aid, I pray that France has sent a ship Stay Alive
0%
I stay with Hamilton, we write essays against slavery Stay Alive
0%
And every day's a test of our camaraderie and bravery Stay Alive
0%
We cut supply lines, we steal contraband Stay Alive
0%
We pick and choose our battles and places to take a stand Stay Alive
0%
And every day, sir, entrust me with a command Stay Alive
0%
And every day- Stay Alive
0%
No Stay Alive
0%
He dismisses me out of hand Stay Alive
0%
(Stay alive) instead of me, he promotes Charles Lee Stay Alive
0%
Makes him second-in-command Stay Alive
0%
(I'm a general, whee!) Stay Alive
0%
Yeah, he's not the choice I would've gone with Stay Alive
0%
He shits the bed at the Battle of Monmouth Stay Alive
0%
Everyone, attack! Stay Alive
0%
Retreat! Stay Alive
0%
Attack! Stay Alive
0%
What are you doing, Lee? Get back on your feet! Stay Alive
0%
But there's so many of them Stay Alive
0%
I'm sorry, is this not your speed? Stay Alive
0%
Ready, sir Stay Alive
0%
Have Lafayette take the lead Stay Alive
0%
Yes, sir Stay Alive
0%
A thousand soldiers die in a hundred-degree heat Stay Alive
0%
As we snatch a stalemate from the jaws of defeat Stay Alive
0%
Charles Lee was left behind without a pot to piss in Stay Alive
0%
He started saying this to anybody who would listen Stay Alive
0%
Washington cannot be left alone to his devices Stay Alive
0%
Indecisive from crisis to crisis Stay Alive
0%
The best thing he can do for the revolution Stay Alive
0%
Is turn 'n go back to plantin' tobacco in Mount Vernon Stay Alive
0%
Don't do a thing, history will prove him wrong Stay Alive
0%
But, sir Stay Alive
0%
We have a war to fight, let's move along Stay Alive
0%
Strong words from Lee, someone oughta hold him to it Stay Alive
0%
I can't disobey direct orders Stay Alive
0%
Then I'll do it Stay Alive
0%
Alexander, you're the closest friend I've got Stay Alive
0%
Laurens, do not throw away your shot Stay Alive
0%
(Ooh!) Stay Alive | Blow Us All Away
0%
Hamilton Stay Alive | Guns and Ships | Cabinet Battle #1 | The Room Where It Happens | Cabinet Battle #2
0%
Where's my son? Stay Alive - Reprise
0%
Mr. Hamilton, come in, they brought him in a half an hour ago Stay Alive - Reprise
0%
He lost a lot of blood on the way over Stay Alive - Reprise
0%
Is he alive? Stay Alive - Reprise
0%
Yes, but you have to understand Stay Alive - Reprise
0%
The bullet entered just above his hip and Stay Alive - Reprise
0%
Lodged in his right arm Stay Alive - Reprise
0%
Can I see him please? Stay Alive - Reprise
0%
I'm doing everything I can, but the wound was Stay Alive - Reprise
0%
Already infectred when he arrived Stay Alive - Reprise
0%
Philip Stay Alive - Reprise
0%
Pa Stay Alive - Reprise
0%
I held my head up high Stay Alive - Reprise
0%
I know, I know, shh Stay Alive - Reprise
0%
I know, I know (high) Stay Alive - Reprise
0%
Shh, I know you did Stay Alive - Reprise
0%
Everything just right Stay Alive - Reprise
0%
Even before we got to ten (shh) Stay Alive - Reprise
0%
I was aiming for the sky Stay Alive - Reprise
0%
I know, I know (I was aiming for the sky) Stay Alive - Reprise
0%
I know, I know (I was aiming for the sky) Stay Alive - Reprise
0%
I know Stay Alive - Reprise
0%
Save your strength and Stay Alive - Reprise
0%
Is he breathing? Is he going to survive this? (Stay alive) Stay Alive - Reprise
0%
Who did this, Alexander, did you know? Stay Alive - Reprise
0%
Mom, I'm so sorry for forgetting what you taught me Stay Alive - Reprise
0%
My son Stay Alive - Reprise
0%
We played piano Stay Alive - Reprise
0%
I taught you piano Stay Alive - Reprise
0%
You would put your hands on mine Stay Alive - Reprise
0%
You changed the melody every time Stay Alive - Reprise
0%
Ha, I would always change the line Stay Alive - Reprise
0%
Shh, I know, I know Stay Alive - Reprise
0%
I would always change the line Stay Alive - Reprise
0%
I know, I know Stay Alive - Reprise
0%
Good Stay Alive - Reprise
0%
Stay alive Stay Alive - Reprise | Stay Alive
0%
Stay alive Stay Alive - Reprise | Stay Alive
0%
Stay alive Stay Alive - Reprise | Stay Alive
0%
Eliza Stay Alive - Reprise | Take a Break
0%
Un, deux, trois, quatre (Un, deux, trois, quatre) Stay Alive - Reprise | Take a Break
0%
Cinq, six, sept, huit, neuf (Cinq, six, sept, huit, neuf) Stay Alive - Reprise | Take a Break
0%
Un, deux, trois, quatre Stay Alive - Reprise | Take a Break
0%
Cinq, six, sept Stay Alive - Reprise | Take a Break
0%
Huit, neuf Stay Alive - Reprise | Take a Break
0%
Sept, huit, neuf Stay Alive - Reprise | Take a Break
0%
Sept huit... Stay Alive - Reprise | Take a Break
0%
No! Stay Alive - Reprise | The Room Where It Happens | One Last Time
0%
Stay alive Stay Alive | Stay Alive - Reprise
0%
Stay alive Stay Alive | Stay Alive - Reprise
0%
My dearest, Angelica Take a Break
0%
Tomorrow, and tomorrow, and tomorrow Take a Break
0%
Creeps in this petty pace from day to day Take a Break
0%
I trust you'll understand the reference to Take a Break
0%
Another Scottish tragedy without my having to name the play Take a Break
0%
They think me Macbeth, and ambition is my folly Take a Break
0%
I'm a polymath, a pain in the ass, a massive pain Take a Break
0%
Madison is Banquo, Jefferson's Macduff Take a Break
0%
And Birnam Wood is Congress on its way to Dunsanine Take a Break
0%
And there you are, an ocean away Take a Break
0%
Do you have to live an ocean away Take a Break
0%
Thoughts of you subside Take a Break
0%
Then I get another letter Take a Break
0%
I cannot put the notion away Take a Break
0%
Take a break Take a Break
0%
I am on my way Take a Break
0%
There's a little surprise before supper Take a Break
0%
And it cannot wait Take a Break
0%
I'll be there in just a minute, save my plate Take a Break
0%
Okay, okay Take a Break
0%
Your son is nine years old today Take a Break
0%
He has something he'd like to say Take a Break
0%
He's been practicing all day Take a Break
0%
Philip, take it away Take a Break
0%
Daddy, daddy, look Take a Break
0%
I wrote this poem just to show it Take a Break
0%
And I just turned nine Take a Break
0%
You can write rhymes Take a Break
0%
But you can't write mine (what!) Take a Break
0%
I practice French Take a Break
0%
And play piano with my mother (uh-huh) Take a Break
0%
I have a sister, but I want a little brother (okay) Take a Break
0%
My daddy's trying to start America's bank Take a Break
0%
Un deux trois quatre cinq (bravo) Take a Break
0%
Take a break Take a Break
0%
Hey, our kid is pretty great Take a Break
0%
Run away with us for the summer Take a Break
0%
We can all go stay with my father Take a Break
0%
In a nearby park (I'd love to go) Take a Break
0%
You and I can go when the night gets dark Take a Break
0%
I will try to get away Take a Break
0%
My dearest Alexander Take a Break
0%
You must get through to Jefferson Take a Break
0%
Sit down with him and compromise Take a Break
0%
Don't stop 'til you agree Take a Break
0%
Your fav'rite older sister Take a Break
0%
Angelica, reminds you Take a Break
0%
There's someone in your corner all the way across the sea Take a Break
0%
In a letter I received from you two weeks ago Take a Break
0%
I noticed a comma in a the middle of a phrase Take a Break
0%
It changed the meaning, did you intend this? Take a Break
0%
One stroke and you've consumed my waking days Take a Break
0%
It says Take a Break
0%
My dearest Angelica Take a Break
0%
With a comma after dearest, you've written Take a Break
0%
My dearest, Angelica Take a Break
0%
Anyway, all this to way Take a Break
0%
I'm coming home this summer Take a Break
0%
At my sister's invitation Take a Break
0%
I'll be there with your fam'ly Take a Break
0%
I know you're very busy Take a Break
0%
I know your work's important Take a Break
0%
But I'm crossing the ocean, and I just can't wait Take a Break
0%
You won't be an ocean away Take a Break
0%
You will only be a moment away Take a Break
0%
Alexander, come downstairs, Angelica's arriving today Take a Break
0%
Hi Take a Break
0%
Angelica, tell my wife John Adams doesn't have a real job anyway Take a Break
0%
You're not joining us? Wait Take a Break
0%
I'm afraid I cannot join you upstate Take a Break
0%
Alexander, I came all this way Take a Break
0%
She came all this way Take a Break
0%
Take a break Take a Break
0%
You know I have to get my plan through Congress Take a Break
0%
Run away with us for the summer Take a Break
0%
Let's go upstate Take a Break
0%
I lose my job if I don't get my job through Congress Take a Break
0%
We can all go stay with our father Take a Break
0%
There's a lake I know (I know I'll miss your face) Take a Break
0%
In a nearby park (screw your courage to the sticking place) Take a Break
0%
You and I can go (Eliza's right) Take a Break
0%
Take a break and get away (run away with us for the summer) Take a Break
0%
Let's go upstate Take a Break
0%
Where we can stay (we can all go stay with our father) Take a Break
0%
Look around, look around (if you take your time) Take a Break
0%
At how lucky we are to be alive right now (you will make your mark) Take a Break
0%
We can go (Close your eyes and dream) Take a Break
0%
When the night gets dark Take a Break
0%
I have to get my plan through Congress Take a Break
0%
I can't stop 'til I get this plan through Congress Take a Break
0%
My name is Philip Take a Break | Blow Us All Away
0%
I am a poet Take a Break | Blow Us All Away
0%
Angelica Take a Break | Non-Stop
0%
Un deux trois quatre Take a Break | Stay Alive - Reprise
0%
Cinq six sept huit neuf (un deux trois quatre) Take a Break | Stay Alive - Reprise
0%
(Cinq six sept huit neuf) Take a Break | Stay Alive - Reprise
0%
Good, un deux trois quatre Take a Break | Stay Alive - Reprise
0%
Cinq six sept huit neuf (un deux trois quatre) Take a Break | Stay Alive - Reprise
0%
(Cinq six sept huit neuf) Take a Break | Stay Alive - Reprise
0%
Sept huit neuf Take a Break | Stay Alive - Reprise
0%
(Sept huit neuf) Take a Break | Stay Alive - Reprise
0%
Sept huit neuf (sept huit neuf) Take a Break | Stay Alive - Reprise
0%
Eliza Take a Break | Stay Alive - Reprise
0%
1, 2, 3, 4, 5, 6, 7, 8, 9 Take a Break | Ten Duel Commandments
0%
Alexander Take a Break | Ten Duel Commandments | Non-Stop | The Election of 1800
0%
Alexander Take a Break | Ten Duel Commandments | Non-Stop | The Election of 1800
0%
The Schuyler sisters Take a Break | The Schuyler Sisters
0%
It's the ten duel commandments Ten Duel Commandments
0%
It's the ten duel commandments Ten Duel Commandments
0%
The challenge, demand satisfaction Ten Duel Commandments
0%
If they apologize, no need for further action Ten Duel Commandments
0%
If they don't, grab a friend, that's your second Ten Duel Commandments
0%
Your Lieutenant, when there's reckoning to be reckoned Ten Duel Commandments
0%
Have your seconds meet face to face Ten Duel Commandments
0%
Negotiate a peace Ten Duel Commandments
0%
Or negotiate a time and place Ten Duel Commandments
0%
This is commonplace, 'specially 'tween recruits Ten Duel Commandments
0%
If they don't reach a peace, that's alright Ten Duel Commandments
0%
Time to get some pistols and a doctor on site Ten Duel Commandments
0%
You pay him in advance, you treat him with civility Ten Duel Commandments
0%
Duel before the sun is in the sky Ten Duel Commandments
0%
Pick a place to die where it's high and dry Ten Duel Commandments
0%
Number six! Ten Duel Commandments
0%
Leave a note for your next of kin Ten Duel Commandments
0%
Tell 'em where you been Ten Duel Commandments
0%
Seven! Ten Duel Commandments
0%
Confess your sins Ten Duel Commandments
0%
Ready for the moment of adrenaline Ten Duel Commandments
0%
When you finally face your opponent Ten Duel Commandments
0%
Number eight! Ten Duel Commandments
0%
Can we agree that duels are dumb and immature? Ten Duel Commandments
0%
But your man has to answer for his words, Burr Ten Duel Commandments
0%
With his life? Ten Duel Commandments
0%
Hang on, how many men died because Lee was inexperienced and ruinous? Ten Duel Commandments
0%
Okay so we're doing this Ten Duel Commandments
0%
Number nine! Ten Duel Commandments
0%
Look him in the eye, aim no higher Ten Duel Commandments | Blow Us All Away | The World Was Wide Enough
0%
Summon all the courage you require Ten Duel Commandments | Blow Us All Away | The World Was Wide Enough
0%
Alexander Ten Duel Commandments | Non-Stop | Take a Break | The Election of 1800
0%
Aaron Burr, sir Ten Duel Commandments | Right Hand Man | Non-Stop
0%
Number one! Ten Duel Commandments | Satisfied
0%
Number two! Ten Duel Commandments | Satisfied
0%
Number three! Ten Duel Commandments | Satisfied
0%
1, 2, 3, 4, 5, 6, 7, 8, 9 Ten Duel Commandments | Take a Break | The World Was Wide Enough
0%
1, 2, 3, 4, 5, 6, 7, 8, 9 Ten Duel Commandments | Take a Break | The World Was Wide Enough
0%
Sure Ten Duel Commandments | The Room Where It Happens | The Election of 1800
0%
Most disputes die and no one shoots Ten Duel Commandments | The World Was Wide Enough
0%
Number four! Ten Duel Commandments | The World Was Wide Enough
0%
You have him turn around so he can have deniability Ten Duel Commandments | The World Was Wide Enough
0%
Five! Ten Duel Commandments | The World Was Wide Enough
0%
Your last chance to negotiate Ten Duel Commandments | The World Was Wide Enough
0%
Send in your seconds Ten Duel Commandments | The World Was Wide Enough
0%
See if they can set the record straight Ten Duel Commandments | The World Was Wide Enough
0%
Then count Ten Duel Commandments | The World Was Wide Enough
0%
How long have you known? That Would Be Enough
0%
A month or so That Would Be Enough
0%
Eliza, you should have told me That Would Be Enough
0%
I wrote to the General a month ago (no) That Would Be Enough
0%
I begged him to send you home That Would Be Enough
0%
You should have told me That Would Be Enough
0%
I'm not sorry That Would Be Enough
0%
I knew you'd fight until the war was won (the war's not done) That Would Be Enough
0%
But you deserve a chance to meet your son That Would Be Enough
0%
Will you relish being a poor man's wife That Would Be Enough
0%
Unable to provide for your life? That Would Be Enough
0%
I relish being your wife That Would Be Enough
0%
And if this child shares a fraction of your smile That Would Be Enough
0%
Or a fragment of your mind That Would Be Enough
0%
Look out world, that would be enough That Would Be Enough
0%
The challenges you're facing That Would Be Enough
0%
The worlds you keep erasing and creating in your mind That Would Be Enough
0%
So long as you come home at the end of the day That Would Be Enough
0%
That would be enough That Would Be Enough
0%
We don't need a legacy That Would Be Enough
0%
We don't need money That Would Be Enough
0%
If you could let me inside your heart That Would Be Enough
0%
Oh, let me be a part of the narrative That Would Be Enough
0%
In the story they will write someday That Would Be Enough
0%
Let this moment be the first chapter That Would Be Enough
0%
Where you decide to stay That Would Be Enough
0%
And I could be enough That Would Be Enough
0%
And we could be enough That Would Be Enough
0%
I don't pretend to know That Would Be Enough | It's Quiet Uptown
0%
But I'm not afraid That Would Be Enough | It's Quiet Uptown
0%
I know who I married That Would Be Enough | It's Quiet Uptown
0%
That would be enough That Would Be Enough | It's Quiet Uptown
0%
Look at where you are That Would Be Enough | Non-Stop
0%
Look at where you started That Would Be Enough | Non-Stop
0%
The fact that you're alive is a miracle That Would Be Enough | Non-Stop
0%
Just stay alive, that would be enough That Would Be Enough | Non-Stop
0%
If I could grant you peace of mind That Would Be Enough | Non-Stop
0%
Look around, look around That Would Be Enough | The Schuyler Sisters | Non-Stop
0%
At how lucky we are to be alive right now That Would Be Enough | The Schuyler Sisters | Non-Stop
0%
Look around, look around That Would Be Enough | The Schuyler Sisters | Non-Stop
0%
Look around, look around at how lucky we are to be alive right now That Would Be Enough | The Schuyler Sisters | Non-Stop
0%
Look around, look around That Would Be Enough | The Schuyler Sisters | Non-Stop
0%
How does Hamilton, the short-tempered Protean The Adams Administration
0%
Creator of the Coast Guard The Adams Administration
0%
Founder of the New Yorkc Post The Adams Administration
0%
Ardently abuse his cab'net post The Adams Administration
0%
Destroy his reputation? The Adams Administration
0%
Welcome folks, to the Adams Administration The Adams Administration
0%
Jefferson's the runner-up The Adams Administration
0%
Which makes him the Vice President The Adams Administration
0%
Washington can't help you now The Adams Administration
0%
No more mister nice President The Adams Administration
0%
Adams fires Hamilton The Adams Administration
0%
Privately calls him "Creole bastard" The Adams Administration
0%
In his taunts (say what?) The Adams Administration
0%
Hamilton publishes his response The Adams Administration
0%
Sit down, John, you fat motherfu- The Adams Administration
0%
Hamilton's out of control The Adams Administration
0%
This is great! The Adams Administration
0%
He's out of power, he holds no office The Adams Administration
0%
And he just destroyed President John Adams The Adams Administration
0%
The only other significant member of his party The Adams Administration
0%
Hamilton is a host until himself The Adams Administration
0%
As long as he can hold a pen, he's a threat The Adams Administration
0%
The election of 1800 The Election of 1800
0%
Can we get back to politics? The Election of 1800
0%
Please? The Election of 1800
0%
Yo The Election of 1800
0%
John Adams shat the bed, I love the guy, but he's in traction The Election of 1800
0%
Poor Alexander Hamilton, he is missing in action The Election of 1800
0%
So now I'm facing The Election of 1800
0%
Aaron Burr The Election of 1800
0%
With his own faction The Election of 1800
0%
He's very attractive in the North, New Yorkers like his chances The Election of 1800
0%
He's not very forthcoming on any particular stances The Election of 1800
0%
Ask him a question, it glances off, he obfuscates, he dances The Election of 1800
0%
And they say I'm a Francophile, at least they know I know where France is! The Election of 1800
0%
Thomas that's the problem, see, they see Burr as a less extreme you (ha!) The Election of 1800
0%
You need to change course, a key endorsement might redeem you The Election of 1800
0%
Who did you have in mind? The Election of 1800
0%
Don't laugh The Election of 1800
0%
Who is it? The Election of 1800
0%
You used to work on the same staff The Election of 1800
0%
It might be nice, it might be nice The Election of 1800
0%
To get Hamilton on your side The Election of 1800
0%
It might be nice, it might be nice The Election of 1800
0%
Talk less (Burr!) The Election of 1800
0%
Smile more (Burr!) The Election of 1800
0%
Don't let them know what you're against or what you're for (Burr!) The Election of 1800
0%
Shake hands with him (Burr!) The Election of 1800
0%
Charm her (Burr!) The Election of 1800
0%
It's 1800, ladies, tell your husbands The Election of 1800
0%
Vote for Burr (Burr!) The Election of 1800
0%
I don't like Adams The Election of 1800
0%
Well, he's gonna lose, that's just defeatist The Election of 1800
0%
And Jefferson? The Election of 1800
0%
In love with France! The Election of 1800
0%
Yeah, he's so elitist! The Election of 1800
0%
I like that Aaron Burr! The Election of 1800
0%
I can't believe we're here with him! The Election of 1800
0%
He seems approachable The Election of 1800
0%
Like you could grab a beer with him! The Election of 1800
0%
Dear Mr. Hamilton The Election of 1800
0%
Your fellow Fed'ralists would like to know how you'll be voting The Election of 1800
0%
Dear Mr. Hamilton The Election of 1800
0%
John Adams doesn't stand a chance, so who are you promoting? The Election of 1800
0%
Jefferson or Burr? (Jefferson or Burr) The Election of 1800
0%
We know it's lose-lose The Election of 1800
0%
Jefferson or Burr? (Jefferson or Burr) The Election of 1800
0%
But if you had to choose The Election of 1800
0%
I'm going door to door The Election of 1800
0%
You're openly campaigning? The Election of 1800
0%
That's new The Election of 1800
0%
Honestly, it's kind of draining The Election of 1800
0%
Sir The Election of 1800
0%
Is there anything you wouldn't do? The Election of 1800
0%
No, I'm chasing what I want The Election of 1800
0%
And you know what? The Election of 1800
0%
I learned that from you The Election of 1800
0%
If you had to choose The Election of 1800
0%
If you had to choose The Election of 1800
0%
(It's a tie!) The Election of 1800
0%
If you had to choose The Election of 1800
0%
(It's up to the delegates!) The Election of 1800
0%
If you had to choose The Election of 1800
0%
If you had to choose The Election of 1800
0%
(It's up to Hamilton!) The Election of 1800
0%
If you had to choose The Election of 1800
0%
Jefferson or Burr? (Jefferson or Burr) The Election of 1800
0%
Choose, choose, choose The Election of 1800
0%
Yo (oh!) The Election of 1800
0%
The people are asking to hear my voice (oh!) The Election of 1800
0%
For the country is facing a difficult choice (oh!) The Election of 1800
0%
And if you were to ask me who I'd promote (oh!) The Election of 1800
0%
Jefferson has my vote (oh!) The Election of 1800
0%
I had never agreed with Jefferson once (oh!) The Election of 1800
0%
We have fought on like 75 diff'rent fronts (oh!) The Election of 1800
0%
But when all is said and all is done The Election of 1800
0%
Jefferson has beliefs, Burr has none (ooh!) The Election of 1800
0%
Well, I'll be damned The Election of 1800
0%
Well, I'll be damned The Election of 1800
0%
And? The Election of 1800
0%
You won in a landslide The Election of 1800
0%
Congrats on a race well-run The Election of 1800
0%
I did give you a fight (uh-huh) The Election of 1800
0%
I look forward to our partnership The Election of 1800
0%
Our partnership? The Election of 1800
0%
As your Vice President The Election of 1800
0%
Haha, yeah, right! The Election of 1800
0%
You hear this guy? Man openly campaigns against me The Election of 1800
0%
It is crazy that the guy who comes in second gets to be Vice President The Election of 1800
0%
Ooh! You know what? We can change that! You know why? The Election of 1800
0%
Why? The Election of 1800
0%
Cause I'm the President The Election of 1800
0%
Burr, when you see Hamilton, thank him for the endorsement The Election of 1800
0%
What? The Election of 1800 | Aaron Burr, Sir
0%
What? The Election of 1800 | Aaron Burr, Sir
0%
(It's quiet uptown) The Election of 1800 | It's Quiet Uptown
0%
(It's quiet uptown) The Election of 1800 | It's Quiet Uptown
0%
Burr The Election of 1800 | Right Hand Man | Schuyler Defeated | We Know
0%
Alexander! The Election of 1800 | Ten Duel Commandments | Non-Stop | Take a Break
0%
Sure! The Election of 1800 | Ten Duel Commandments | The Room Where It Happens
0%
Well, if it isn't Aaron Burr, sir The Election of 1800 | The Story of Tonight - Reprise
0%
Ev'ry action has its equal, opposite reaction The Election of 1800 | Washington on Your Side
0%
Alexander Hamilton had a torrid affair The Reynolds Pamphlet
0%
And he wrote it down right here The Reynolds Pamphlet
0%
The charge against me is in connection with one James Reynolds The Reynolds Pamphlet
0%
For purposes of improper speculation The Reynolds Pamphlet
0%
My real crime is an amorous connection with his wife The Reynolds Pamphlet
0%
For a considerable time with his knowing consent The Reynolds Pamphlet
0%
Damn! The Reynolds Pamphlet
0%
I had frequent meetings with her The Reynolds Pamphlet
0%
Most of them at my own house The Reynolds Pamphlet
0%
At his own house? The Reynolds Pamphlet
0%
At his own house The Reynolds Pamphlet
0%
Damn! The Reynolds Pamphlet
0%
Mrs. Hamilton, with our children The Reynolds Pamphlet
0%
No! (Boo) The Reynolds Pamphlet
0%
Have you read this? The Reynolds Pamphlet
0%
Well, he's never gon' be president now The Reynolds Pamphlet
0%
Never gon' be president now The Reynolds Pamphlet
0%
Never gon' be president now The Reynolds Pamphlet
0%
Never gon' be president now The Reynolds Pamphlet
0%
Never gon' be president now The Reynolds Pamphlet
0%
Never gon' be president now The Reynolds Pamphlet
0%
That's one less thing to worry about The Reynolds Pamphlet
0%
That's one less thing to worry about The Reynolds Pamphlet
0%
I came as soon as I heard (what?) The Reynolds Pamphlet
0%
Angelica, all the way from London? Damn! The Reynolds Pamphlet
0%
Angelica, thank God The Reynolds Pamphlet
0%
Someone who understands what I'm struggling here to do The Reynolds Pamphlet
0%
I'm not here for you (ooh!) The Reynolds Pamphlet
0%
I love my sister more than anything in this life The Reynolds Pamphlet
0%
I will choose her happiness over mine every time The Reynolds Pamphlet
0%
Put what we had aside, I'm standing at her side The Reynolds Pamphlet
0%
You could never be satisfied, God, I hope you're satisfied The Reynolds Pamphlet
0%
Well, he's never gon' be president now The Reynolds Pamphlet
0%
Never gon' be president now The Reynolds Pamphlet
0%
Never gon' be president now The Reynolds Pamphlet
0%
Never gon' be president now The Reynolds Pamphlet
0%
Never gon' be president now The Reynolds Pamphlet
0%
Never gon' be president now The Reynolds Pamphlet
0%
That's one less thing to worry about The Reynolds Pamphlet
0%
That's one less thing to worry about The Reynolds Pamphlet
0%
Hey (he's never gon' be president now) The Reynolds Pamphlet
0%
At least he was honest with our money (He's never gon' be president now) The Reynolds Pamphlet
0%
Never gon' be president now The Reynolds Pamphlet
0%
Hey (he's never gon' be president now) The Reynolds Pamphlet
0%
At least he was honest with our money (That's one less thing to worry about) The Reynolds Pamphlet
0%
That's one less thing to worry about The Reynolds Pamphlet
0%
Have you read this? The Reynolds Pamphlet
0%
You ever somebody ruin their own life? (Own life) The Reynolds Pamphlet
0%
His poor wife The Reynolds Pamphlet
0%
The Reynolds Pamphlet The Reynolds Pamphlet | Hurricane
0%
The Reynolds Pamphlet The Reynolds Pamphlet | Hurricane
0%
You will never find anyone as trusting or as kind The Reynolds Pamphlet | Satisfied
0%
Ah, Mister Secretary The Room Where It Happens
0%
Mister Burr, sir The Room Where It Happens
0%
Did ya hear the news about good old General Mercer? The Room Where It Happens
0%
No The Room Where It Happens
0%
You know Clermont Street? The Room Where It Happens
0%
Yeah The Room Where It Happens
0%
The renamed it after him, the Mercer legacy is secure The Room Where It Happens
0%
And all he had to do was die The Room Where It Happens
0%
Yeah, that's a lot less work The Room Where It Happens
0%
We oughta give it a try (ha) The Room Where It Happens
0%
Now how're you gonna get you debt plan through? The Room Where It Happens
0%
I guess I'm gonna finally have to listen to you The Room Where It Happens
0%
Really? The Room Where It Happens
0%
Do whatever it takes to get my plan on the Congress floor The Room Where It Happens
0%
Now, Madison and Jefferson are merciless The Room Where It Happens
0%
Well, hate the sin, love the sinner The Room Where It Happens
0%
I'm sorry Burr, I've gotta go The Room Where It Happens
0%
But- The Room Where It Happens
0%
Decisions are happening over dinner The Room Where It Happens
0%
Two Virginians and an immigrant walk into a room The Room Where It Happens
0%
Diametrically opposed, foes The Room Where It Happens
0%
They emerge with a compromise The Room Where It Happens
0%
The immigrant emerges with unprecedented financial power The Room Where It Happens
0%
A system he can shape however he wants The Room Where It Happens
0%
The Virginians emerge with the nation's capital The Room Where It Happens
0%
And here's the pièce de résistance The Room Where It Happens
0%
The room where it happened The Room Where It Happens
0%
The room where it happened The Room Where It Happens
0%
The room where it happened The Room Where It Happens
0%
The room where it happened The Room Where It Happens
0%
No one really knows how the game is played The Room Where It Happens
0%
The art of the trade The Room Where It Happens
0%
How the sausage gets made The Room Where It Happens
0%
We just assume that it happens The Room Where It Happens
0%
But no one else is in the room where it happens The Room Where It Happens
0%
(Thomas claims) The Room Where It Happens
0%
Alexander was on Washington's doorstep one day The Room Where It Happens
0%
In distress and disarray The Room Where It Happens
0%
(Thomas claims) The Room Where It Happens
0%
Alexander said The Room Where It Happens
0%
"I've nowhere else to run" The Room Where It Happens
0%
And basically begged me to join the fray The Room Where It Happens
0%
(Thomas claims) The Room Where It Happens
0%
I approached Madison and said The Room Where It Happens
0%
"I know you hate him, but let's hear what he has to say" The Room Where It Happens
0%
(Thomas claims) The Room Where It Happens
0%
Well, I arranged the meeting The Room Where It Happens
0%
I arranged the menu, the venue, the seating The Room Where It Happens
0%
But! The Room Where It Happens
0%
The room where it happened The Room Where It Happens
0%
The room where it happened The Room Where It Happens
0%
The room where it happened The Room Where It Happens
0%
The room where it happened The Room Where It Happens
0%
No one really knows how the parties get to yes The Room Where It Happens
0%
The pieces that are sacrificed in every game of chess The Room Where It Happens
0%
We just assume that it happens The Room Where It Happens
0%
But no one else is in the room where it happens The Room Where It Happens
0%
(Meanwhile) The Room Where It Happens
0%
Madison is grappling with the fact that The Room Where It Happens
0%
Not every issue can be settled by committee The Room Where It Happens
0%
(Meanwhile) The Room Where It Happens
0%
Congress is fighting over where to put the capital- The Room Where It Happens
0%
It isn't pretty The Room Where It Happens
0%
Then Jefferson approaches with a dinner and invite The Room Where It Happens
0%
And Madison responds with Virginian insight The Room Where It Happens
0%
Maybe we can solve one problem with another The Room Where It Happens
0%
And win a victory for the Southerners The Room Where It Happens
0%
In other words The Room Where It Happens
0%
Oh-ho! The Room Where It Happens
0%
A quid pro quo The Room Where It Happens
0%
I suppose The Room Where It Happens
0%
Wouldn't you like to work a little closer to home? The Room Where It Happens
0%
And you'll provide him his votes? The Room Where It Happens
0%
Well, we'll see how it goes The Room Where It Happens
0%
The room where it happened The Room Where It Happens
0%
The room where it happened The Room Where It Happens
0%
The room where it happened The Room Where It Happens
0%
The room where it happened The Room Where It Happens
0%
In God, we trust The Room Where It Happens
0%
But we'll never really know what got discussed The Room Where It Happens
0%
Click-boom, then it happened The Room Where It Happens
0%
What did they say to you to get you to sell New York City down the river? The Room Where It Happens
0%
Did Washington know about the dinner? The Room Where It Happens
0%
Was there presidential pressure to deliver? The Room Where It Happens
0%
Or did you know, even then, it doesn't matter where you put the U.S. Capital? The Room Where It Happens
0%
Cause we'll have the banks The Room Where It Happens
0%
We're in the same spot The Room Where It Happens
0%
You got more than you gave The Room Where It Happens
0%
And I wanted what I got The Room Where It Happens
0%
When you got skin in the game The Room Where It Happens
0%
You stay in the game The Room Where It Happens
0%
But you don't get a win unless you play in the game The Room Where It Happens
0%
Oh, you get love for it The Room Where It Happens
0%
You get hate for it The Room Where It Happens
0%
You get nothing if you The Room Where It Happens
0%
Wait for it, wait for it, wait! The Room Where It Happens
0%
God help and forgive me The Room Where It Happens
0%
I wanna build something that's gonna outlive me The Room Where It Happens
0%
What do you want, Burr? (What do you want, Burr?) The Room Where It Happens
0%
What do you want, Burr? (What do you want, Burr?) The Room Where It Happens
0%
If you stand for nothing, Burr (what do you want, Burr?) The Room Where It Happens
0%
Then what do you fall for? (What do you want?) The Room Where It Happens
0%
The room where it happens The Room Where It Happens
0%
(I wanna be in) The Room Where It Happens
0%
I (the room where it happens) The Room Where It Happens
0%
Wanna be in (the room where it happens) The Room Where It Happens
0%
The room where it happens (the room where it happens) The Room Where It Happens
0%
I (I wanna be in) The Room Where It Happens
0%
I wanna be in the room (the room where it happens) The Room Where It Happens
0%
Oh (the room where it happens) The Room Where It Happens
0%
(I wanna be in the room where it happens) The Room Where It Happens
0%
Wanna be (the room where it happens) The Room Where It Happens
0%
I wanna be in (the room where it happens) The Room Where It Happens
0%
I've got to be (I wanna be in) The Room Where It Happens
0%
I've got to be (the room where it happens) The Room Where It Happens
0%
In that big ol' room (the room where it happens) The Room Where It Happens
0%
Oh The Room Where It Happens
0%
The art of the compromise The Room Where It Happens
0%
Hold your nose and close your eyes The Room Where It Happens
0%
We want our leaders to save the day The Room Where It Happens
0%
But we don't get a say in what they trade away The Room Where It Happens
0%
We dream of a brand new start The Room Where It Happens
0%
But we dream in the dark for the most part The Room Where It Happens
0%
Dark as a tomb where it happens The Room Where It Happens
0%
I've got to be in The Room Where It Happens
0%
The room (the room where it happens The Room Where It Happens
0%
I've got to be (the room where it happens) The Room Where It Happens
0%
I've got to be (the room where it happens) The Room Where It Happens
0%
I've got to be in the room (the room where it happens) The Room Where It Happens
0%
I've got to be, I've gotta be, I wanna be in (the room where it happens) The Room Where It Happens
0%
In the room! (I wanna be in the room where it happens) The Room Where It Happens
0%
Click-boom! The Room Where It Happens
0%
"Talk less, smile more" The Room Where It Happens | Aaron Burr, Sir
0%
(Alexander Hamilton) The Room Where It Happens | Alexander Hamilton | Satisfied | Guns and Ships
0%
(Alexander Hamilton) The Room Where It Happens | Alexander Hamilton | Satisfied | Guns and Ships
0%
Let's go The Room Where It Happens | Non-Stop | Blow Us All Away
0%
No! The Room Where It Happens | One Last Time | Stay Alive - Reprise
0%
Hamilton! The Room Where It Happens | Stay Alive | Guns and Ships | Cabinet Battle #1 | Cabinet Battle #2
0%
Sure The Room Where It Happens | Ten Duel Commandments | The Election of 1800
0%
No one else was in the room where it happened The Room Where It Happens | We Know
0%
No one else was in the room where it happened The Room Where It Happens | We Know
0%
No one else was in the room where it happened The Room Where It Happens | We Know
0%
No one else was in the room where it happened The Room Where It Happens | We Know
0%
One else was it the room where it happened The Room Where It Happens | We Know
0%
My God! The Room Where It Happens | We Know
0%
And no one else was in the room where it happened The Room Where It Happens | We Know
0%
I wanna be in the room where it happens The Room Where It Happens | Your Obedient Servant
0%
I wanna be in the room where it happens The Room Where It Happens | Your Obedient Servant
0%
There's nothing rich folks love more The Schuyler Sisters
0%
Than going downtown and slummin' it with the poor The Schuyler Sisters
0%
They pull up in their carriages and gawk The Schuyler Sisters
0%
At the students in the common just to watch 'em talk The Schuyler Sisters
0%
Take Philip Schuyler, the man is loaded The Schuyler Sisters
0%
Uh-oh, but little does he know The Schuyler Sisters
0%
Sneak into the city just to watch all the guys at- The Schuyler Sisters
0%
(Work, work!) Angelica! The Schuyler Sisters
0%
(Work, work!) Eliza! The Schuyler Sisters
0%
And Peggy! (Work, work) The Schuyler Sisters
0%
Angelica! Peggy! Eliza! (Work) The Schuyler Sisters
0%
Daddy said to be home by sundown The Schuyler Sisters
0%
Daddy doesn't need to know The Schuyler Sisters
0%
Daddy said not to go downtown The Schuyler Sisters
0%
Like I said, you're free to go The Schuyler Sisters
0%
The revolution's happenin' in New York (New York) The Schuyler Sisters
0%
Angelica! (work!) The Schuyler Sisters
0%
it's bad enough Daddy wants to go to war The Schuyler Sisters
0%
It's bad enough there'll be violence on our shore The Schuyler Sisters
0%
New ideas in the air The Schuyler Sisters
0%
Angelica, remind me what we're looking for The Schuyler Sisters
0%
She's lookin' for me! The Schuyler Sisters
0%
Eliza, I'm looking for a mind at work (work) The Schuyler Sisters
0%
I'm looking for a mind at work (work) The Schuyler Sisters
0%
I'm looking for a mind at work (work) The Schuyler Sisters
0%
Whoa-ooh, whoa-oh-oh The Schuyler Sisters
0%
Whoa-ooh, whoa-oh-oh (work!) The Schuyler Sisters
0%
Someone in a rush next to someone lookin' pretty The Schuyler Sisters
0%
Excuse me, miss, I know it's not funny The Schuyler Sisters
0%
But your perfume smeels like your daddy's got money The Schuyler Sisters
0%
Why you slummin' in the city in your fancy heels? The Schuyler Sisters
0%
You searchin' for an urchin who can give you ideals? The Schuyler Sisters
0%
Burr, you disgust me The Schuyler Sisters
0%
Ah, so you've discussed me The Schuyler Sisters
0%
I'm a trust fund, baby, you can trust me The Schuyler Sisters
0%
I've been reading "Common Sense" by Thomas Paine The Schuyler Sisters
0%
So, men say that I'm intense, or I'm insane The Schuyler Sisters
0%
You want a revolution, I want a revelation The Schuyler Sisters
0%
So, listen to my declaration The Schuyler Sisters
0%
"We hold these truths to be self-evident The Schuyler Sisters
0%
That all men are created equal" The Schuyler Sisters
0%
And when I meet Thomas Jefferson The Schuyler Sisters
0%
I'ma compel him to include women in the sequel (work!) The Schuyler Sisters
0%
History is happening in Manhattan The Schuyler Sisters
0%
And we just happen to be in the greatest city in the world The Schuyler Sisters
0%
In the greatest city in the world! The Schuyler Sisters
0%
Cause I've been reading "Common Sense" by Thomas Paine (look around, look around) The Schuyler Sisters
0%
So, men say that I'm intense, or I'm insane (the revolution's happening in New York) The Schuyler Sisters
0%
You want a revolution? I want a revelation (look around, look around, New York) The Schuyler Sisters
0%
So, listen to my declaration (it's happening) The Schuyler Sisters
0%
We hold these truths to be self-evident (Look around, look around) The Schuyler Sisters
0%
That all men are created equal (at how lucky we are to be alive right now) The Schuyler Sisters
0%
History is happening in Manhattan The Schuyler Sisters
0%
And we just happen to be in the greatest city in the world (in the greatest city) The Schuyler Sisters
0%
In the greatest city in the world! The Schuyler Sisters
0%
(Work, work!) Angelica! The Schuyler Sisters
0%
(Work, work!) Eliza! The Schuyler Sisters
0%
And Peggy! (Work, work) The Schuyler Sisters
0%
The Schuyler Sisters! (Work, work!) The Schuyler Sisters
0%
We're looking for a mind at work! (Work, work!) The Schuyler Sisters
0%
Hey! (Work, work!) The Schuyler Sisters
0%
Hey! (Work, work! Whoa)! The Schuyler Sisters
0%
Hey! (Work, work) The Schuyler Sisters
0%
In the greatest city (work! Work!) The Schuyler Sisters
0%
In the greatest city in the world The Schuyler Sisters
0%
In the greatest city in the world! The Schuyler Sisters
0%
Whoo! There's nothin' like summer in the city The Schuyler Sisters | Say No To This
0%
The Schuyler Sisters! The Schuyler Sisters | Take a Break
0%
At how lucky we are to be alive right now The Schuyler Sisters | That Would Be Enough
0%
But look around, look around The Schuyler Sisters | That Would Be Enough | Non-Stop
0%
Look around, look around The Schuyler Sisters | That Would Be Enough | Non-Stop
0%
Look around, look around The Schuyler Sisters | That Would Be Enough | Non-Stop
0%
At how lucky we are to be alive right now The Schuyler Sisters | That Would Be Enough | Non-Stop
0%
Look around, look around The Schuyler Sisters | That Would Be Enough | Non-Stop
0%
Look around, look around The Schuyler Sisters | That Would Be Enough | Non-Stop
0%
At how lucky we are to be alive right now The Schuyler Sisters | That Would Be Enough | Non-Stop
0%
But I will gladly join the fight The Story of Tonight
0%
(But I will gladly join the fight) The Story of Tonight
0%
And when our children tell our story The Story of Tonight
0%
(And when our children tell our story) The Story of Tonight
0%
They'll tell the story of tonight The Story of Tonight
0%
Something they can never take away The Story of Tonight
0%
No matter what they tell you The Story of Tonight
0%
Tomorrow there'll be more of us The Story of Tonight
0%
Telling the story of tonight The Story of Tonight
0%
They'll tell the story of tonight The Story of Tonight
0%
Something they can never take away The Story of Tonight
0%
No matter what they tell you The Story of Tonight
0%
Tomorrow there'll be more of us The Story of Tonight
0%
Telling the story of tonight The Story of Tonight
0%
They'll tell the story of tonight The Story of Tonight
0%
(They'll tell the story of tonight) The Story of Tonight
0%
They'll tell the story of tonight The Story of Tonight
0%
(They'll tell the story of tonight) The Story of Tonight
0%
But I've seen wonders great and small The Story of Tonight - Reprise
0%
(I've seen wonders great and small) The Story of Tonight - Reprise
0%
Cause if the tomcat can get married The Story of Tonight - Reprise
0%
(If Alexander can get married) The Story of Tonight - Reprise
0%
There's hope for our ass, after all! The Story of Tonight - Reprise
0%
Something you will never see again! The Story of Tonight - Reprise
0%
No matter what she tells you The Story of Tonight - Reprise
0%
To the newly not poor of us! (Woo!) The Story of Tonight - Reprise
0%
Let's have another round The Story of Tonight - Reprise
0%
I didn't think that you would make it The Story of Tonight - Reprise
0%
To be sure (Burr!) The Story of Tonight - Reprise
0%
I came to say congratulations The Story of Tonight - Reprise
0%
Spit a verse, Burr! The Story of Tonight - Reprise
0%
I see the whole gang is here The Story of Tonight - Reprise
0%
You are the worst, Burr! The Story of Tonight - Reprise
0%
Ignore them, congrats to you, Lieutenant Colonel The Story of Tonight - Reprise
0%
No, you don't The Story of Tonight - Reprise
0%
Yes, I do The Story of Tonight - Reprise
0%
Now, be sensible The Story of Tonight - Reprise
0%
From what I hear, you've made yourself indispensible The Story of Tonight - Reprise
0%
Well, well, I heard The Story of Tonight - Reprise
0%
You've got a special someone on the side, Burr The Story of Tonight - Reprise
0%
Is that so? The Story of Tonight - Reprise
0%
What are you tryin' to hide, Burr? The Story of Tonight - Reprise
0%
I should go The Story of Tonight - Reprise
0%
No, these guys should go The Story of Tonight - Reprise
0%
What? No! The Story of Tonight - Reprise
0%
Leave us alone The Story of Tonight - Reprise
0%
Man! The Story of Tonight - Reprise
0%
It's alright, Burr, I wish you'd brought this girl with you tonight, Burr The Story of Tonight - Reprise
0%
You're very kind, but I'm afraid it's unlawful, sir The Story of Tonight - Reprise
0%
What do you mean? The Story of Tonight - Reprise
0%
She's married The Story of Tonight - Reprise
0%
I see The Story of Tonight - Reprise
0%
Congrats again, Alexander, smile more The Story of Tonight - Reprise
0%
I'll see you on the other side of the war The Story of Tonight - Reprise
0%
I will never understand you The Story of Tonight - Reprise
0%
If you love this woman, go get her! What are you waiting for? The Story of Tonight - Reprise
0%
I'll see you on the other side of the war The Story of Tonight - Reprise
0%
I'll see you on the other side of the war The Story of Tonight - Reprise
0%
Well, if it isn't Aaron Burr (Sir!) The Story of Tonight - Reprise | The Election of 1800
0%
I may not live to see our glory! The Story of Tonight - Reprise | The Story of Tonight
0%
(I may not live to see our glory!) The Story of Tonight - Reprise | The Story of Tonight
0%
Raise a glass to freedom (Hey!) The Story of Tonight - Reprise | The Story of Tonight
0%
Let's have another round tonight! The Story of Tonight - Reprise | The Story of Tonight
0%
I may not live to see our glory The Story of Tonight | The Story of Tonight - Reprise
0%
(I may not live to see our glory) The Story of Tonight | The Story of Tonight - Reprise
0%
Let's have another round tonight The Story of Tonight | The Story of Tonight - Reprise
0%
Let's have another round tonight The Story of Tonight | The Story of Tonight - Reprise
0%
Raise a glass to freedom The Story of Tonight | The Story of Tonight - Reprise
0%
Raise a glass to the four of us The Story of Tonight | The Story of Tonight - Reprise
0%
Raise a glass to freedom The Story of Tonight | The Story of Tonight - Reprise
0%
(Let's have another round tonight) The Story of Tonight | The Story of Tonight - Reprise
0%
Raise a glass to the four of us The Story of Tonight | The Story of Tonight - Reprise
0%
(Let's have another round tonight) The Story of Tonight | The Story of Tonight - Reprise
0%
Raise a glass to freedom The Story of Tonight | The Story of Tonight - Reprise
0%
Raise a glass to freedom The Story of Tonight | The Story of Tonight - Reprise
0%
There are ten things you need to know (number one) The World Was Wide Enough
0%
We rowed across the Hudson at dawn The World Was Wide Enough
0%
My friend, William P. Van Ness signed on as my (number two) The World Was Wide Enough
0%
Hamilton arrived with his crew The World Was Wide Enough
0%
Nathaniel Pendleton and a doctor that he knew (number three) The World Was Wide Enough
0%
I watched Hamilton examine the terrain The World Was Wide Enough
0%
This man is poisoned by political pursuits The World Was Wide Enough
0%
Hamilton drew first position The World Was Wide Enough
0%
Looking to the world like a man on a mission The World Was Wide Enough
0%
This is a soldier with a marksman's ability The World Was Wide Enough
0%
Now I didn't know this at the time The World Was Wide Enough
0%
But we were near the same spot his (my) son died, is that why? (Six) The World Was Wide Enough
0%
He examined his gun with such rigor The World Was Wide Enough
0%
Confession time, here's what I got The World Was Wide Enough
0%
My fellow soldiers'll tell you I'm a terrible shot (number eight) The World Was Wide Enough
0%
They won't teach you this in your classes The World Was Wide Enough
0%
But look it up, Hamilton was wearing his glasses The World Was Wide Enough
0%
It's him or me, the world will never be the same The World Was Wide Enough
0%
I had only one thought before the slaughter The World Was Wide Enough
0%
This man will not make an orphan of my daughter (number nine) The World Was Wide Enough
0%
I imagine death so much, it feels more like a memory The World Was Wide Enough
0%
Is this where it gets me, several feet ahead of me? The World Was Wide Enough
0%
I see it coming, do I run or fire my gun or let it be? The World Was Wide Enough
0%
There is no beat, no melody The World Was Wide Enough
0%
Burr, my first friend, my enemy The World Was Wide Enough
0%
Maybe the last face I ever see The World Was Wide Enough
0%
If I throw away my shot, is this how you'll remember me? The World Was Wide Enough
0%
What if this bullet is my legacy? The World Was Wide Enough
0%
Legacy, what is a legacy? The World Was Wide Enough
0%
It's planting seeds in a garden you never get to see The World Was Wide Enough
0%
I wrote some notes at the beginning of a song someone will sing for me The World Was Wide Enough
0%
America, you great unfinished symphony, you sent for me The World Was Wide Enough
0%
You let me make a difference, a place where even orphan immigrants The World Was Wide Enough
0%
Can leave their fingerprints and rise up The World Was Wide Enough
0%
I'm running out of time, I'm running, and my time's up The World Was Wide Enough
0%
Wise up, eyes up The World Was Wide Enough
0%
I catch a glimpse of the other side The World Was Wide Enough
0%
Washington is watching from the other side The World Was Wide Enough
0%
Teach me how to say goodbye The World Was Wide Enough
0%
Rise up, rise up, rise up, Eliza The World Was Wide Enough
0%
My love, take your time The World Was Wide Enough
0%
Raise a glass to freedom (he aims his pistol at the sky-) The World Was Wide Enough
0%
I strike him right between his ribs The World Was Wide Enough
0%
I walk towards him but I am ushered away The World Was Wide Enough
0%
They row him back across the Hudson The World Was Wide Enough
0%
I get a drink (aah, aah, aah) The World Was Wide Enough
0%
I hear wailing in the streets (aah, aah, aah) The World Was Wide Enough
0%
Somebody tells me, "You'd better hide" (aah, aah, aah) The World Was Wide Enough
0%
They say Angelica and Eliza The World Was Wide Enough
0%
Were both at his side when he died The World Was Wide Enough
0%
History obliterates, in every picture it paints The World Was Wide Enough
0%
It paints me in all my mistakes The World Was Wide Enough
0%
When Alexander aimed at the sky The World Was Wide Enough
0%
He may have been the first one to died The World Was Wide Enough
0%
But I'm the one who paid for it The World Was Wide Enough
0%
I survived but I paid for it The World Was Wide Enough
0%
Now I'm the villain in your history The World Was Wide Enough
0%
I was too young and blind to see The World Was Wide Enough
0%
I should've known The World Was Wide Enough
0%
I should've known the world was wide enough for both Hamilton and me The World Was Wide Enough
0%
The world was wide enough for both Hamilton and me The World Was Wide Enough
0%
Wait! The World Was Wide Enough | Schuyler Defeated
0%
Most disputes die and no one shoots (number four) The World Was Wide Enough | Ten Duel Commandments
0%
The doctor turned around so he could have deniability (five) The World Was Wide Enough | Ten Duel Commandments
0%
Your last chance to negotiate The World Was Wide Enough | Ten Duel Commandments
0%
Send in your seconds, see if they can set the record straight The World Was Wide Enough | Ten Duel Commandments
0%
Then count The World Was Wide Enough | Ten Duel Commandments
0%
Number ten paces, fire The World Was Wide Enough | Ten Duel Commandments
0%
Look him in the eye, aim no higher The World Was Wide Enough | Ten Duel Commandments | Blow Us All Away
0%
Summon all the courage you require The World Was Wide Enough | Ten Duel Commandments | Blow Us All Away
0%
One, two, three, four, five, six, seven, eight, nine The World Was Wide Enough | Ten Duel Commandments | Take a Break
0%
One, two, three, four, five, six, seven, eight, nine The World Was Wide Enough | Ten Duel Commandments | Take a Break
0%
I'll see you on the other side The World Was Wide Enough | The Story of Tonight - Reprise
0%
Death doesn't discriminate The World Was Wide Enough | Wait For It
0%
Between the sinners and the saints, it takes and it takes and it takes The World Was Wide Enough | Wait For It
0%
Theodosia writes me a letter every day Wait for It
0%
I'm keeping the bed warm while her husband is away Wait for It
0%
He's on the British side in Georgia Wait for It
0%
he's trying to keep the colonies inline Wait for It
0%
But he can keep all of Georgia Wait for It
0%
Theodosia, she's mine Wait for It
0%
Love doesn't discriminate Wait for It
0%
And we keep loving anyway Wait for It
0%
We laugh and we cry and we break Wait for It
0%
And we make our mistakes Wait for It
0%
And if there's a reason I'm by her side Wait for It
0%
When so many have tried Wait for It
0%
Then I'm willing to wait for it Wait for It
0%
I'm willing to wait for it Wait for It
0%
I'm willing to wait for it Wait for It
0%
My grandfather was a fire and brimstone preacher Wait for It
0%
(Preacher, preacher, reacher) Wait for It
0%
But there are things that the Wait for It
0%
Homilies and hymns won't teach ya Wait for It
0%
(Teach ya, teach ya, teach ya) Wait for It
0%
My mother was a genius (genius) Wait for It
0%
My father commanded respect (respect, respect) Wait for It
0%
When they died they left no instructions Wait for It
0%
Just a legacy to protect Wait for It
0%
And we keep living anyway Wait for It
0%
We rise and we fall and we break Wait for It
0%
And we make our mistakes Wait for It
0%
When everyone who loves me has died Wait for It
0%
I'm willing to wait for it (wait for it) Wait for It
0%
I'm willing to wait for it Wait for It
0%
I am the one thing in life I can control Wait for It
0%
I am inimitable Wait for It
0%
I am an original Wait for It
0%
I'm not falling behind or running late Wait for It
0%
I'm not standing still Wait for It
0%
I am lying it wait (wait, wait, wait) Wait for It
0%
Hamilton faces an endless uphill climb Wait for It
0%
(Climb, climb, climb) Wait for It
0%
He has something to prove Wait for It
0%
He has nothing to lose Wait for It
0%
(Lose, lose, lose, lose) Wait for It
0%
Hamilton's pace is relentless Wait for It
0%
He wastes no time (time, time, time) Wait for It
0%
Hamilton doesn't hesistate Wait for It
0%
He exhibits no restraint Wait for It
0%
He takes and he takes and he takes Wait for It
0%
And he keeps winning anyway Wait for It
0%
He changes the game Wait for It
0%
He plays and he raises the stakes Wait for It
0%
And if there's a reason he seems to thrive when so few survive, then goddamnit Wait for It
0%
I'm willing to wait for it (wait for it) Wait for It
0%
I'm willing to wait for it Wait for It
0%
Life doesn't discriminate Wait for It
0%
(And we keep living anyway) Wait for It
0%
We rise and we fall (we rise) Wait for It
0%
(And we fall) and we break and we make our mistakes Wait for It
0%
And if there's a reason I'm still alive Wait for It
0%
When so many have died Wait for It
0%
Then I'm willin' to- Wait for It
0%
Wait for it (wait for it, wait for it) Wait for It
0%
Wait for it (wait for it, wait for it) Wait for It
0%
(Wait) Wait for It
0%
(Wait for it, wait for it, wait for it, wait for it) Wait for It | Hurricane
0%
(Wait for it, wait for it, wait for it, wait for it) Wait for It | Hurricane
0%
(Wait for it, wait for it, wait for it, wait for it) Wait for It | Hurricane
0%
(Wait for it, wait for it, wait for it, wait for it) Wait for It | Hurricane
0%
(Wait for it, wait for it, wait for it, wait for it, wait for it) Wait for It | Hurricane
0%
Between the sinners and the saints Wait for It | The World Was Wide Enough
0%
Between the sinners and the saints Wait for It | The World Was Wide Enough
0%
It takes and it takes and it takes Wait for It | The World Was Wide Enough
0%
Between the sinners and the saints Wait for It | The World Was Wide Enough
0%
It takes and it takes and it takes Wait for It | The World Was Wide Enough
0%
It must be nice, it must be nice Washington on Your Side
0%
To have Washington on your side Washington on Your Side
0%
It must be nice, it must be nice Washington on Your Side
0%
Thanks to Hamilton, our cabinet's fractured into factions Washington on Your Side
0%
Try not to crack under stress, we're breaking down like fractions Washington on Your Side
0%
We smack each other in the press, and we don't print retractions Washington on Your Side
0%
I get no satisfaction witnessing his fits of passion Washington on Your Side
0%
The way he primps and preens and dresses like the pits of fashion Washington on Your Side
0%
Our poorest citizens, our farmers, live ration to ration Washington on Your Side
0%
As Wall Street robs 'em blind in search of chips to cash in Washington on Your Side
0%
This prick is asking for someone to bring him to task Washington on Your Side
0%
Somebody give me some dirt on his vacuous mask Washington on Your Side
0%
So we can, at last, unmask him Washington on Your Side
0%
I'll pull the trigger on him, someone load the gun and cock it Washington on Your Side
0%
While we were all watching, he got Washington in his pocket Washington on Your Side
0%
It must be nice, it must be nice Washington on Your Side
0%
To have Washington on your side Washington on Your Side
0%
It must be nice, it must be nice Washington on Your Side
0%
To have Washington on your side Washington on Your Side
0%
Look back at the Bill of Rights (which I wrote!) Washington on Your Side
0%
The ink hasn't dried Washington on Your Side
0%
It must be nice, it must be nice Washington on Your Side
0%
To have Washington on your side Washington on Your Side
0%
So he's doubled the size of the government Washington on Your Side
0%
Wasn't the trouble with much of our previous government size? Washington on Your Side
0%
Look in his eyes Washington on Your Side
0%
See how he lies Washington on Your Side
0%
Follow the scent of his enterprise Washington on Your Side
0%
Centralizing national credit and making American credit competitive Washington on Your Side
0%
If we don't stop it, we aid and abet it Washington on Your Side
0%
I have to resign Washington on Your Side
0%
Somebody has to stand up for the South Washington on Your Side
0%
Well, somebody has to stand up for the South Washington on Your Side
0%
If there's a fire you're trying to douse Washington on Your Side
0%
You can't put it out from inside the house Washington on Your Side
0%
I'm in the cabinet, I am complicit Washington on Your Side
0%
And watching and grabbing the power and kiss it Washington on Your Side
0%
If Washington isn't gon' listen to disciplined dissidents Washington on Your Side
0%
This is the difference, this kid is out Washington on Your Side
0%
Oh! This immigrant isn't somebody we chose Washington on Your Side
0%
Oh! This immigrant's keeping us all on our toes Washington on Your Side
0%
Oh! Let's show these Federalists what they're up against Washington on Your Side
0%
Oh! Southern motherfucking Democratic-Republicans Washington on Your Side
0%
Oh! Because every second the treasury grows Washington on Your Side
0%
Oh! If we follow the money and see where it leads Washington on Your Side
0%
Get in the weeds, look for the seeds of Hamilton's misdeeds Washington on Your Side
0%
It must be nice, it must be nice Washington on Your Side
0%
Follow the money and see where it goes Washington on Your Side
0%
It must be nice, it must be nice Washington on Your Side
0%
The emperor has no clothes Washington on Your Side
0%
We won't be invisible Washington on Your Side
0%
We won't be denied Washington on Your Side
0%
To have Washington on your side Washington on Your Side
0%
Every action has an equal opposite reaction Washington on Your Side | The Election of 1800
0%
Mr. Madison We Know
0%
Senator Burr We Know
0%
What is this? We Know
0%
We have the check stubs from separate accounts We Know
0%
To a Mr. James Reynolds way back in 1791 We Know
0%
Is that what you have We Know
0%
Are you done? We Know
0%
You are uniquely situated by virtue of your position We Know
0%
Though virtue is not a word I'd apply to this situation We Know
0%
To seek financial gain, you stray from your sacred mission We Know
0%
And the evidence suggests you engaged in speculation We Know
0%
An immigrant embezzling our government funds We Know
0%
I can almost see the headline, your career is done We Know
0%
I hope you saved some money for your daughter and son We Know
0%
Ya best gwan run back where ya come from We Know
0%
Ha! You don't even know what you're asking me to confess (confess) We Know
0%
You have nothing We Know
0%
I don't have to tell you anything at all We Know
0%
Unless (unless) We Know
0%
If I can prove that I never broke the law We Know
0%
Do you promise not to tell another soul what you saw? We Know
0%
Is that a yes? We Know
0%
Um... yes We Know
0%
She courted me We Know
0%
Escorted me to bed We Know
0%
And when she had me in the corner We Know
0%
For a sordid fee We Know
0%
I paid him quarterly We Know
0%
I may have mortally wounded my prospects We Know
0%
But my papers are orderly We Know
0%
As you can see, I kept a record of every check in my checkered history We Know
0%
Check it again against your list and see consistency We Know
0%
I never spent a cent that wasn't mine We Know
0%
You sent the dogs after my scent, that's fine We Know
0%
Yes, I have reason for shame We Know
0%
But I have not committed treason and sullied my good name We Know
0%
As you can see, I have done nothing to provoke legal action We Know
0%
Gentlemen, let's go We Know
0%
The people won't know what we know We Know
0%
How do I know you won't use this against me the next time we go toe to toe? We Know
0%
Alexander, rumors only grow We Know
0%
And we both know what we know We Know
0%
Burr! We Know | Right Hand Man | Schuyler Defeated | The Room Where It Happens
0%
"Dear Sir, I hope this letter finds you in good health We Know | Say No to This
0%
And in a prosperous enough position to put wealth We Know | Say No to This
0%
In the pockets of people like me down on their luck We Know | Say No to This
0%
You see, that was my wife who you decided to–" (What?) We Know | Say No to This
0%
So? We Know | Say No to This
0%
No one else was in the room where it happened We Know | The Room Where It Happens
0%
My god We Know | The Room Where It Happens
0%
Mr. Vice President We Know | Your Obedient Servant
0%
They say What Comes Next?
0%
The price of war is not a price that they are willing to pay What Comes Next?
0%
Insane What Comes Next?
0%
You cheat with the French What Comes Next?
0%
Now I'm fighting with France and with Spain What Comes Next?
0%
I'm so blue What Comes Next?
0%
I thought that we made an arrangement when you went away What Comes Next?
0%
You were mine to subdue What Comes Next?
0%
Well, even despite our estrangement, I've got a small query for you What Comes Next?
0%
What comes next? What Comes Next?
0%
You've been freed What Comes Next?
0%
Do you know how hard it is to lead? What Comes Next?
0%
You're on your own What Comes Next?
0%
Awesome, wow! What Comes Next?
0%
Do you have a clue what happens now? What Comes Next?
0%
All alone, across the sea What Comes Next?
0%
When your people say they hate you, don't come crawling back to me What Comes Next?
0%
Da-da-da-da-da What Comes Next?
0%
Da, da-da-da-ya-da What Comes Next?
0%
da-da-da-da-da-ya-da What Comes Next?
0%
Oceans rise, empires fall What Comes Next? | You'll Be Back | I Know Him
0%
17, 17 What'd I Miss?
0%
17 What'd I Miss?
0%
1789, how does the bastard orphan, immigrant decorated war vet What'd I Miss?
0%
Unite the colonies through more debt? What'd I Miss?
0%
Fight the other founding fathers 'til he has to forfeit What'd I Miss?
0%
Have it all, lose it all, you ready for more yet? What'd I Miss?
0%
Treasury secretary, Washington's the president What'd I Miss?
0%
Every American experiment sets a precedent What'd I Miss?
0%
Not so fast, someone came along to resist him What'd I Miss?
0%
Pissed him off until we had a two-party system What'd I Miss?
0%
You haven't met him yet, you haven't had the chance What'd I Miss?
0%
Cause he's been kickin' ass as the ambassador to France What'd I Miss?
0%
But someone's gotta keep the American promise What'd I Miss?
0%
You simply must meet Thomas, Thomas! What'd I Miss?
0%
Thomas Jefferson's coming home What'd I Miss?
0%
(Thomas Jefferson's coming home) What'd I Miss?
0%
Thomas Jefferson's coming home What'd I Miss?
0%
(Thomas Jefferson's coming home) What'd I Miss?
0%
Lord, he's been off in Paris for so long (ah-ooh) What'd I Miss?
0%
France is following us to revolution, there is no more status quo What'd I Miss?
0%
But the sun comes up, and the world still spins (ah-ooh) What'd I Miss?
0%
I helped Lafayette draft a declaration, then I said, "I gotta go" What'd I Miss?
0%
I gotta be in Monticello, now the work at home begins (ah-ooh) What'd I Miss?
0%
So what did I miss? What did I miss? What'd I Miss?
0%
I've been in Paris, meeting lots of different ladies What'd I Miss?
0%
I guess I basically missed the late 80's What'd I Miss?
0%
I travelled the wide, wide world and came back to this (ah-ooh) What'd I Miss?
0%
There's a letter on my desk from the president What'd I Miss?
0%
Haven't even put my bags down yet What'd I Miss?
0%
Sally, be a lamb, darlin', won't ya open it? What'd I Miss?
0%
It says the president's assembling a cabinet What'd I Miss?
0%
And that I am to be the Secretary of State, great What'd I Miss?
0%
And that I'm already Senate- approved What'd I Miss?
0%
I just got home, and now I'm headed up to New York What'd I Miss?
0%
Headin' to New York, headin' to New York What'd I Miss?
0%
Lookin' at the rolling fields, I can't believe that we are free What'd I Miss?
0%
Ready to face whatever's awaiting me in NYC What'd I Miss?
0%
But who's waitin' for me when I step in the place? What'd I Miss?
0%
My friend James Madison, red in the face What'd I Miss?
0%
He grabs my arm and I respond, "What's goin' on?" (Ah-ooh) What'd I Miss?
0%
Thomas, we are engaged in a battle for our nation's very soul What'd I Miss?
0%
Can you get us out of the mess we're in? (Ah-ooh) What'd I Miss?
0%
Hamilton's new financial plan is nothing less than government control What'd I Miss?
0%
I've been fighting for the South alone What'd I Miss?
0%
Where have you been? Uh, France (ah-ooh) What'd I Miss?
0%
We have to win What'd I Miss?
0%
Well, what did I miss? (Wha-wha-what'd I miss?) What'd I Miss?
0%
What'd I miss? (I've come home to this) What'd I Miss?
0%
I have my first cabinet meeting today (chip-a-pow) What'd I Miss?
0%
I guess I better think of something to say What'd I Miss?
0%
I'm already on my way to get to the bottom of this What'd I Miss?
0%
(What did I miss? Ah) What'd I Miss?
0%
Mr. Jefferson, welcome home What'd I Miss?
0%
Mr. Jefferson, Alexander Hamilton What'd I Miss?
0%
Mr. Jefferson, welcome home What'd I Miss?
0%
Mr. Jefferson, welcome home, sir, you've been off in Paris for so long What'd I Miss?
0%
So what did I miss? What'd I Miss?
0%
President Jefferson Who Lives, Who Dies, Who Tells Your Story
0%
I'll give him this, his financial system is a work of genius Who Lives, Who Dies, Who Tells Your Story
0%
I couldn't undo it if I tried Who Lives, Who Dies, Who Tells Your Story
0%
And I've tried Who Lives, Who Dies, Who Tells Your Story
0%
Who lives, who dies, who tells your story? Who Lives, Who Dies, Who Tells Your Story
0%
President Madison Who Lives, Who Dies, Who Tells Your Story
0%
He took our country from bankruptcy to prosperity Who Lives, Who Dies, Who Tells Your Story
0%
I hate to admit it Who Lives, Who Dies, Who Tells Your Story
0%
But he doesn't get enough credit for all the credit he gave us Who Lives, Who Dies, Who Tells Your Story
0%
Every other founding fathers' story gets told Who Lives, Who Dies, Who Tells Your Story
0%
And when you're gone, who remembers your name? Who Lives, Who Dies, Who Tells Your Story
0%
Who tells your story? Who Lives, Who Dies, Who Tells Your Story
0%
Who tells your story? Who Lives, Who Dies, Who Tells Your Story
0%
Who tells your story? Who Lives, Who Dies, Who Tells Your Story
0%
(Eliza) Who Lives, Who Dies, Who Tells Your Story
0%
I put myself back in the narrative Who Lives, Who Dies, Who Tells Your Story
0%
(Eliza) Who Lives, Who Dies, Who Tells Your Story
0%
I stop wasting time on tears Who Lives, Who Dies, Who Tells Your Story
0%
I live another 50 years Who Lives, Who Dies, Who Tells Your Story
0%
Its not enough (Eliza) Who Lives, Who Dies, Who Tells Your Story
0%
I interview every soldier who fought be your side Who Lives, Who Dies, Who Tells Your Story
0%
(She tells our story) Who Lives, Who Dies, Who Tells Your Story
0%
I try to make sense of your thousands of pages of writings Who Lives, Who Dies, Who Tells Your Story
0%
You really do write like you're running out of time Who Lives, Who Dies, Who Tells Your Story
0%
While she's alive, we tell your story Who Lives, Who Dies, Who Tells Your Story
0%
She is buried in Trinity Church near you Who Lives, Who Dies, Who Tells Your Story
0%
When I needed her most, she was right on time Who Lives, Who Dies, Who Tells Your Story
0%
And I'm still not through Who Lives, Who Dies, Who Tells Your Story
0%
I ask myself, what would you do if you had more time Who Lives, Who Dies, Who Tells Your Story
0%
The Lord, in his kindness Who Lives, Who Dies, Who Tells Your Story
0%
He gives me what you always wanted Who Lives, Who Dies, Who Tells Your Story
0%
He gives me more time Who Lives, Who Dies, Who Tells Your Story
0%
I raise funds in D.C. for the Washington Monument Who Lives, Who Dies, Who Tells Your Story
0%
(She tells my story) Who Lives, Who Dies, Who Tells Your Story
0%
I speak out against slavery Who Lives, Who Dies, Who Tells Your Story
0%
You could have done so much more if you only had time Who Lives, Who Dies, Who Tells Your Story
0%
And when my time is up, have I done enough? Who Lives, Who Dies, Who Tells Your Story
0%
Will they tell our story? Who Lives, Who Dies, Who Tells Your Story
0%
Oh, can I show you what I'm proudest of? Who Lives, Who Dies, Who Tells Your Story
0%
(The orphanage) Who Lives, Who Dies, Who Tells Your Story
0%
I help to raise hundred of children Who Lives, Who Dies, Who Tells Your Story
0%
I get to see them growing up Who Lives, Who Dies, Who Tells Your Story
0%
(The orphanage) Who Lives, Who Dies, Who Tells Your Story
0%
In their eyes I see you, Alexander Who Lives, Who Dies, Who Tells Your Story
0%
I see you every time Who Lives, Who Dies, Who Tells Your Story
0%
And when my time is up Who Lives, Who Dies, Who Tells Your Story
0%
Have I done enough? Who Lives, Who Dies, Who Tells Your Story
0%
Will they tell your story? Who Lives, Who Dies, Who Tells Your Story
0%
Oh, I can't wait to see you again Who Lives, Who Dies, Who Tells Your Story
0%
It's only a matter of time Who Lives, Who Dies, Who Tells Your Story
0%
Will they tell your story? (Time) Who Lives, Who Dies, Who Tells Your Story
0%
Who lives, who dies, who tells your story? (Time) Who Lives, Who Dies, Who Tells Your Story
0%
Will they tell your story? (Time) Who Lives, Who Dies, Who Tells Your Story
0%
Let me tell you what I wish I'd known Who Lives, Who Dies, Who Tells Your Story | History Has Its Eyes on You
0%
When I was young and dreamed of glory Who Lives, Who Dies, Who Tells Your Story | History Has Its Eyes on You
0%
You have no control Who Lives, Who Dies, Who Tells Your Story | History Has Its Eyes on You
0%
Who lives, who dies, who tells your story? Who Lives, Who Dies, Who Tells Your Story | History Has Its Eyes on You
0%
Who lives, who dies, who tells your story? Who Lives, Who Dies, Who Tells Your Story | History Has Its Eyes on You
0%
Who lives, who dies, who tells your story? Who Lives, Who Dies, Who Tells Your Story | History Has Its Eyes on You
0%
The Battle of Yorktown, 1781 Yorktown (The World Turned Upside Down)
0%
Monsieur Hamilton Yorktown (The World Turned Upside Down)
0%
Monsieur Lafayette Yorktown (The World Turned Upside Down)
0%
In command where you belong Yorktown (The World Turned Upside Down)
0%
How you say, no sweat Yorktown (The World Turned Upside Down)
0%
Finally on the field, we've had quite a run Yorktown (The World Turned Upside Down)
0%
Immigrants, we get the job done Yorktown (The World Turned Upside Down)
0%
So what happens if we win? Yorktown (The World Turned Upside Down)
0%
I go back to France Yorktown (The World Turned Upside Down)
0%
I bring freedom to my people Yorktown (The World Turned Upside Down)
0%
If I'm given the chance Yorktown (The World Turned Upside Down)
0%
We'll be with you when you do Yorktown (The World Turned Upside Down)
0%
Go lead your men Yorktown (The World Turned Upside Down)
0%
I see you on the other side Yorktown (The World Turned Upside Down)
0%
Til we meet again, let's go! Yorktown (The World Turned Upside Down)
0%
Hey yo, I'm just like my country Yorktown (The World Turned Upside Down)
0%
I'm young scrappy and hungry Yorktown (The World Turned Upside Down)
0%
Til the world turns upside down Yorktown (The World Turned Upside Down)
0%
Til the world turns upside down! Yorktown (The World Turned Upside Down)
0%
This is where it gets me, on my feet the enemy ahead of me Yorktown (The World Turned Upside Down)
0%
If this is the end of me, at least I have a friend with me Yorktown (The World Turned Upside Down)
0%
Weapon in my hand, a command, and my men with me Yorktown (The World Turned Upside Down)
0%
Then I remember my Eliza's expecting me Yorktown (The World Turned Upside Down)
0%
Not only that, my Eliza's expecting Yorktown (The World Turned Upside Down)
0%
We gotta go, gotta get the job done Yorktown (The World Turned Upside Down)
0%
Gotta start a new nation, gotta meet my son! Yorktown (The World Turned Upside Down)
0%
Take the bullets out your gun! (What?) Yorktown (The World Turned Upside Down)
0%
The bullets out your gun! (What?) Yorktown (The World Turned Upside Down)
0%
We move undercover and we move as one Yorktown (The World Turned Upside Down)
0%
Through the night, we have one shot to live Yorktown (The World Turned Upside Down)
0%
Another day Yorktown (The World Turned Upside Down)
0%
We cannot let a stray gunshot give us away Yorktown (The World Turned Upside Down)
0%
We will fight up close, seize the moment and stay in it Yorktown (The World Turned Upside Down)
0%
It's either that or meet the business end of a bayonet Yorktown (The World Turned Upside Down)
0%
The code word is "Rochambeau", dig me? Yorktown (The World Turned Upside Down)
0%
(Rochambeau!) Yorktown (The World Turned Upside Down)
0%
You have your orders now, go, man, go! Yorktown (The World Turned Upside Down)
0%
And so the American experiment begins Yorktown (The World Turned Upside Down)
0%
With my friends all scattered to the winds Yorktown (The World Turned Upside Down)
0%
Laurens is in South Carolina, redefining bravery Yorktown (The World Turned Upside Down)
0%
We'll never be free until we end slavery! Yorktown (The World Turned Upside Down)
0%
When we finally drive the British away Yorktown (The World Turned Upside Down)
0%
Lafayette is there waiting in Chesapeake Bay! Yorktown (The World Turned Upside Down)
0%
How did we know that this plan would work? Yorktown (The World Turned Upside Down)
0%
We had a spy on the inside, that's right Yorktown (The World Turned Upside Down)
0%
Hercules Mulligan! Yorktown (The World Turned Upside Down)
0%
A tailor spyin' on the British government! Yorktown (The World Turned Upside Down)
0%
I take their measurements, information and then I smuggle it! (Up) Yorktown (The World Turned Upside Down)
0%
To my brother's revolutionary covenant Yorktown (The World Turned Upside Down)
0%
I'm runnin' with the Sons of Liberty and I am lovin' it! Yorktown (The World Turned Upside Down)
0%
See, that's what happens when you up against the ruffians Yorktown (The World Turned Upside Down)
0%
We in the shit now, somebody gotta shovel it! Yorktown (The World Turned Upside Down)
0%
Hercules Mulligan, I need no introduction Yorktown (The World Turned Upside Down)
0%
When you knock me down I get the fuck back up again! Yorktown (The World Turned Upside Down)
0%
Left! Right! Hold! Yorktown (The World Turned Upside Down)
0%
Go! Yorktown (The World Turned Upside Down)
0%
What? What? What? Yorktown (The World Turned Upside Down)
0%
After a week of fighting, a young man in a redcoat stands on a parapet Yorktown (The World Turned Upside Down)
0%
We lower our guns as he frantically waves a white handkerchief Yorktown (The World Turned Upside Down)
0%
And just like that, it's over, we tend to our wounded, we count our dead Yorktown (The World Turned Upside Down)
0%
Black and white soldiers wonder alike if this really means freedom Yorktown (The World Turned Upside Down)
0%
Not yet Yorktown (The World Turned Upside Down)
0%
We negotiate the terms of surrender Yorktown (The World Turned Upside Down)
0%
I see George Washington smile Yorktown (The World Turned Upside Down)
0%
We escort their men out of Yorktown Yorktown (The World Turned Upside Down)
0%
They stagger home single file Yorktown (The World Turned Upside Down)
0%
Tens of thousands of people flood the streets Yorktown (The World Turned Upside Down)
0%
There are screams and church bells ringing Yorktown (The World Turned Upside Down)
0%
And as our fallen foes retreat Yorktown (The World Turned Upside Down)
0%
I hear the drinking song they're singing Yorktown (The World Turned Upside Down)
0%
The world turned upside down Yorktown (The World Turned Upside Down)
0%
The world turned upside down Yorktown (The World Turned Upside Down)
0%
The world turned upside down Yorktown (The World Turned Upside Down)
0%
The world turned upside down Yorktown (The World Turned Upside Down)
0%
Down, down, down, down Yorktown (The World Turned Upside Down)
0%
Freedom for America, freedom for France! Yorktown (The World Turned Upside Down)
0%
Down, down, down Yorktown (The World Turned Upside Down)
0%
Gotta start a new nation, gotta meet my son Yorktown (The World Turned Upside Down)
0%
Down, down, down Yorktown (The World Turned Upside Down)
0%
We won! (We won!) Yorktown (The World Turned Upside Down)
0%
We won! (We won!) Yorktown (The World Turned Upside Down)
0%
The world turned upside down! Yorktown (The World Turned Upside Down)
0%
And I'm not throwin' away my shot! Yorktown (The World Turned Upside Down) | My Shot
0%
I am not throwin' away my shot! Yorktown (The World Turned Upside Down) | My Shot | Right Hand Man | Non-Stop
0%
I am not throwin' away my shot! Yorktown (The World Turned Upside Down) | My Shot | Right Hand Man | Non-Stop
0%
I am not throwin' away my shot! Yorktown (The World Turned Upside Down) | My Shot | Right Hand Man | Non-Stop
0%
You say You'll Be Back
0%
The price of my love's not a price that you're willing to pay You'll Be Back
0%
You cry You'll Be Back
0%
In your tea, which you hurl in the sea when you see me go by You'll Be Back
0%
Why so sad? You'll Be Back
0%
Remember, we made an arrangement when you went away You'll Be Back
0%
Now, you're making me mad You'll Be Back
0%
Remember, despite our estrangement, I'm your man You'll Be Back
0%
You'll be back, soon you'll see You'll Be Back
0%
You'll remember you belong to me You'll Be Back
0%
You'll be back, time will tell You'll Be Back
0%
You'll remember that I served you well You'll Be Back
0%
We have seen each other through it all You'll Be Back
0%
And when push comes to shove You'll Be Back
0%
I will send a fully armed battalion to remind you of my love You'll Be Back
0%
You say our love is draining, and you can't go on You'll Be Back
0%
You'll be the one complaining when I am gone You'll Be Back
0%
And no, don't change the subject You'll Be Back
0%
Cause you're my favorite subject You'll Be Back
0%
My sweet, submissive subject You'll Be Back
0%
My loyal, royal subject You'll Be Back
0%
Forever and ever and ever and ever and ever You'll Be Back
0%
You'll be back like before You'll Be Back
0%
I will fight the fight and win the war You'll Be Back
0%
For your love, for your praise You'll Be Back
0%
And I'll love you 'til my dying days You'll Be Back
0%
When you're gone, I'll go mad You'll Be Back
0%
So don't throw away this thing we had You'll Be Back
0%
Cause when push comes to shove You'll Be Back
0%
I will kill your friends and family to remind you of my love You'll Be Back
0%
Da-da, dat- everybody! You'll Be Back
0%
Da-da, dat, da-ya-da-ah You'll Be Back
0%
Da-da-da, dat-da, dat, da-da-da, da-ya-da You'll Be Back | I Know Him
0%
Da-da, dat, dat, da-ya-da You'll Be Back | I Know Him
0%
Da-da-da, dat-da, dat, da-da-da, da-ya-da You'll Be Back | I Know Him
0%
Da-da, dat, dat, da-ya-da You'll Be Back | I Know Him
0%
Da-da-da, dat-da, dat, da-da-da, da-ya-da You'll Be Back | I Know Him
0%
Da-da, dat, dat, da-ya-da You'll Be Back | I Know Him
0%
Da-da-da, dat-da, dat, da-da-da, da-ya-da You'll Be Back | I Know Him
0%
Da-da-da, dat-da, dat, da-da-da, da-ya-da You'll Be Back | I Know Him
0%
Da-da, dat, dat, da-ya-da You'll Be Back | I Know Him
0%
Da-da-da, dat-da, dat, da-da-da, da-ya-da You'll Be Back | I Know Him
0%
Oceans rise, empires fall You'll Be Back | What Comes Next? | I Know Him
0%
How does Hamilton Your Obedient Servant
0%
An arrogant immigrant, orphan Your Obedient Servant
0%
Bastard, whore son Your Obedient Servant
0%
Somehow endorse Thomas Jefferson, his enemy Your Obedient Servant
0%
A man he's despised since the beginning Your Obedient Servant
0%
Just to keep me from winning? Your Obedient Servant
0%
The room where it happens, the room where it happens Your Obedient Servant
0%
You've kept me from the room where it happens Your Obedient Servant
0%
For the last time Your Obedient Servant
0%
I am slow to anger Your Obedient Servant
0%
But I toe the line Your Obedient Servant
0%
As I reckon with the effects of your life on mine Your Obedient Servant
0%
I look back on where I've failed Your Obedient Servant
0%
And in every place I checked Your Obedient Servant
0%
The only common thread has been your disrespect Your Obedient Servant
0%
Now you call me immoral Your Obedient Servant
0%
A dangerous disgrace Your Obedient Servant
0%
If you've got something to say Your Obedient Servant
0%
Name a time and place, face to face Your Obedient Servant
0%
I have to honor to be your obedient servant Your Obedient Servant
0%
A dot Burr Your Obedient Servant
0%
I am not the reason no one trusts you Your Obedient Servant
0%
No one knows what you believe Your Obedient Servant
0%
I will not equivocate on my opinion Your Obedient Servant
0%
I have always worn it on my sleeve Your Obedient Servant
0%
Even if I said what you think I said Your Obedient Servant
0%
You would need to cite a more specific grievance Your Obedient Servant
0%
Here's an itemized list of 30 years of disagreements Your Obedient Servant
0%
Sweet Jesus Your Obedient Servant
0%
Hey, I have not been shy Your Obedient Servant
0%
Tryna do my best for our republic, I don't wanna fight Your Obedient Servant
0%
But I won't apologize for doing what's right Your Obedient Servant
0%
I have the honor to be your obedient servant Your Obedient Servant
0%
A dot Ham Your Obedient Servant
0%
Careful how you proceed, good man Your Obedient Servant
0%
Intemperate indeed, good man Your Obedient Servant
0%
Answer for the accusations I lay at your feet Your Obedient Servant
0%
Or prepare to bleed, good man Your Obedient Servant
0%
Burr, your grievance is legitimate Your Obedient Servant
0%
I stand by what I said, every bit of it Your Obedient Servant
0%
You stand only for yourself, it's what you do Your Obedient Servant
0%
I can't apologize because it's true Your Obedient Servant
0%
Then stand, Alexander Your Obedient Servant
0%
Weehawken, dawn Your Obedient Servant
0%
Guns, drawn Your Obedient Servant
0%
You're on Your Obedient Servant
0%
I have the honor to be your obedient servant Your Obedient Servant
0%
A dot Ham Your Obedient Servant
0%
A dot Burr Your Obedient Servant
0%
Dear Alexander Your Obedient Servant | Take a Break
0%
I wanna be in the room where it happens Your Obedient Servant | The Room Where It Happens
0%
Mr. Vice President Your Obedient Servant | We Know
0%
No matching quizzes found
Score Distribution
Percent of People with Each Score
Percentile by Number Answered
Your Score History
You have not taken this quiz since the last reset